{"text_format":"3","workbook":"xlsx","n_sheets":1,"sheets":["orcamento"],"not_rendered":{"images":1,"defined_names":1},"read":"whole","date_system":"1900"}

{"sheet":"orcamento","index":0,"n_rows":443,"n_cols":10,"rows_kept":443,"merged":[[0,0,0,9],[1,0,2,0],[1,1,2,1],[1,2,2,2],[1,3,2,3],[1,4,2,4],[1,5,2,5],[1,6,1,8],[1,9,2,9],[3,1,3,8],[14,1,14,8],[15,1,15,8],[18,1,18,8],[22,1,22,8],[25,1,25,8],[27,1,27,8],[38,1,38,8],[39,1,39,8],[44,1,44,8],[56,1,56,8],[57,1,57,8],[62,1,62,8],[63,1,63,8],[68,1,68,8],[69,1,69,8],[74,1,74,8],[85,1,85,8],[86,1,86,8],[91,1,91,8],[105,1,105,8],[106,1,106,8],[111,1,111,8],[123,1,123,8],[124,1,124,8],[129,1,129,8],[143,1,143,8],[144,1,144,8],[147,1,147,8],[151,1,151,8],[154,1,154,8],[156,1,156,8],[168,1,168,8],[169,1,169,8],[174,1,174,8],[186,1,186,8],[187,1,187,8],[190,1,190,8],[194,1,194,8],[197,1,197,8],[199,1,199,8],[210,1,210,8],[211,1,211,8],[214,1,214,8],[218,1,218,8],[221,1,221,8],[223,1,223,8],[238,1,238,8],[239,1,239,8],[244,1,244,8],[245,1,245,8],[250,1,250,8],[262,1,262,8],[263,1,263,8],[268,1,268,8],[281,1,281,8],[282,1,282,8],[289,1,289,8],[300,1,300,8],[301,1,301,8],[304,1,304,8],[308,1,308,8],[311,1,311,8],[313,1,313,8],[327,1,327,8],[328,1,328,8],[331,1,331,8],[335,1,335,8],[338,1,338,8],[340,1,340,8],[354,1,354,8],[355,1,355,8],[360,1,360,8],[372,1,372,8],[373,1,373,8],[374,1,374,8],[376,1,376,8],[378,1,378,8],[382,1,382,8],[384,1,384,8],[385,1,385,8],[387,1,387,8],[389,1,389,8],[392,1,392,8],[394,1,394,8],[395,1,395,8],[397,1,397,8],[400,1,400,8],[404,1,404,8],[406,1,406,8],[407,1,407,8],[409,1,409,8],[411,1,411,8],[414,1,414,8],[416,1,416,8],[417,1,417,8],[419,1,419,8],[422,1,422,8],[426,1,426,8],[428,1,428,8],[429,1,429,8],[431,1,431,8],[434,1,434,8],[438,1,438,8],[440,7,440,8],[441,7,441,8],[442,7,442,8]]}
[]
["ITEM","CÓDIGO","DESCRIÇÃO","FONTE","UNID","QUANTIDADE","PREÇO UNITÁRIO R$",null,null,"PREÇO\nTOTAL R$"]
[{"$nulls":6},"SEM BDI","BDI","COM BDI"]
["1","ADMINISTRAÇÃO LOCAL",{"$nulls":7},{"v":273885.87,"d":"R$ 273,885.87"}]
["1.1","CPU-PP14","PLACA DE OBRA EM CHAPA DE AÇO GALVANIZADO","Composições Próprias","m²",{"v":8,"d":"8.00"},{"v":268.03,"d":"R$ 268.03"},{"v":52,"d":"R$ 52.00"},{"v":320.03,"d":"R$ 320.03"},{"v":2560.24,"d":"R$ 2,560.24"}]
["1.2","00010777","LOCACAO DE CONTAINER 2,30 X 4,30 M, ALT. 2,50 M, PARA SANITARIO, COM 3 BACIAS, 4 CHUVEIROS, 1 LAVATORIO E 1 MICTORIO (NAO INCLUI MOBILIZACAO/DESMOBILIZACAO)","SINAPI","MES",{"v":6,"d":"6.00"},{"v":957.15,"d":"R$ 957.15"},{"v":185.69,"d":"R$ 185.69"},{"v":1142.84,"d":"R$ 1,142.84"},{"v":6857.04,"d":"R$ 6,857.04"}]
["1.3","S04657","Locação de container - Escritório com banheiro - 6,20 x 2,40m - Rev 02_02/2022","ORSE","mês",{"v":6,"d":"6.00"},{"v":1056,"d":"R$ 1,056.00"},{"v":204.86,"d":"R$ 204.86"},{"v":1260.86,"d":"R$ 1,260.86"},{"v":7565.16,"d":"R$ 7,565.16"}]
["1.4","S06096","Ligação Predial de Água em Mureta de Concreto, Provisória ou Definitiva, com Fornecimento de Material, inclusive Mureta e Hidrômetro, Rede DN 50mm - Rev 03_10/2022","ORSE","UN",{"v":1,"d":"1.00"},{"v":400.16,"d":"R$ 400.16"},{"v":77.63,"d":"R$ 77.63"},{"v":477.79,"d":"R$ 477.79"},{"v":477.79,"d":"R$ 477.79"}]
["1.5","S09416","Instalação provisória de energia elétrica, aerea, trifasica, em poste galvanizado, exclusive fornecimento do medidor","ORSE","un",{"v":1,"d":"1.00"},{"v":1129.38,"d":"R$ 1,129.38"},{"v":219.1,"d":"R$ 219.10"},{"v":1348.48,"d":"R$ 1,348.48"},{"v":1348.48,"d":"R$ 1,348.48"}]
["1.6","101390","AUXILIAR TÉCNICO / ASSISTENTE DE ENGENHARIA COM ENCARGOS COMPLEMENTARES","SINAPI","MES",{"v":6,"d":"6.00"},{"v":5628.64,"d":"R$ 5,628.64"},{"v":1091.96,"d":"R$ 1,091.96"},{"v":6720.6,"d":"R$ 6,720.60"},{"v":40323.6,"d":"R$ 40,323.60"}]
["1.7","93567","ENGENHEIRO CIVIL DE OBRA PLENO COM ENCARGOS COMPLEMENTARES","SINAPI","MES",{"v":6,"d":"6.00"},{"v":18029.11,"d":"R$ 18,029.11"},{"v":3497.65,"d":"R$ 3,497.65"},{"v":21526.76,"d":"R$ 21,526.76"},{"v":129160.56,"d":"R$ 129,160.56"}]
["1.8","93572","ENCARREGADO GERAL DE OBRAS COM ENCARGOS COMPLEMENTARES","SINAPI","MES",{"v":12,"d":"12.00"},{"v":3181.18,"d":"R$ 3,181.18"},{"v":617.15,"d":"R$ 617.15"},{"v":3798.33,"d":"R$ 3,798.33"},{"v":45579.96,"d":"R$ 45,579.96"}]
["1.9","93564","APONTADOR OU APROPRIADOR COM ENCARGOS COMPLEMENTARES","SINAPI","MES",{"v":6,"d":"6.00"},{"v":2873.41,"d":"R$ 2,873.41"},{"v":557.44,"d":"R$ 557.44"},{"v":3430.85,"d":"R$ 3,430.85"},{"v":20585.1,"d":"R$ 20,585.10"}]
["1.10","0309889","MOBILIZAÇÃO E DESMOBILIZAÇÃO DE EQUIPAMENTOS","Composições Próprias","KM",{"v":119,"d":"119.00"},{"v":136.73,"d":"R$ 136.73"},{"v":26.53,"d":"R$ 26.53"},{"v":163.26,"d":"R$ 163.26"},{"v":19427.94,"d":"R$ 19,427.94"}]
["2","TRECHO - CHÃ DE AREIA -MANGUEIRA",{"$nulls":7},{"v":235163.01,"d":"R$ 235,163.01"}]
["2.1","SERVIÇOS PRELIMINARES",{"$nulls":7},{"v":1998.06,"d":"R$ 1,998.06"}]
["2.1.1","99064","LOCAÇÃO DE PAVIMENTAÇÃO. AF_10/2018","SINAPI","M",{"v":120,"d":"120.00"},{"v":0.53,"d":"R$ 0.53"},{"v":0.1,"d":"R$ 0.10"},{"v":0.63,"d":"R$ 0.63"},{"v":75.6,"d":"R$ 75.60"}]
["2.1.2","98525","LIMPEZA MECANIZADA DE CAMADA VEGETAL, VEGETAÇÃO E PEQUENAS ÁRVORES (DIÂMETRO DE TRONCO MENOR QUE 0,20 M), COM TRATOR DE ESTEIRAS.AF_05/2018","SINAPI","M2",{"v":5059.1,"d":"5,059.10"},{"v":0.32,"d":"R$ 0.32"},{"v":0.06,"d":"R$ 0.06"},{"v":0.38,"d":"R$ 0.38"},{"v":1922.46,"d":"R$ 1,922.46"}]
["2.2","TERRAPLANAGEM",{"$nulls":7},{"v":60265.13,"d":"R$ 60,265.13"}]
["2.2.1","100575","REGULARIZAÇÃO DE SUPERFÍCIES COM MOTONIVELADORA. AF_11/2019","SINAPI","M2",{"v":15688.49,"d":"15,688.49"},{"v":0.11,"d":"R$ 0.11"},{"v":0.02,"d":"R$ 0.02"},{"v":0.13,"d":"R$ 0.13"},{"v":2039.5,"d":"R$ 2,039.50"}]
["2.2.2","93594","TRANSPORTE COM CAMINHÃO BASCULANTE DE 10 M³, EM VIA URBANA EM LEITO NATURAL (UNIDADE: TXKM). AF_07/2020","SINAPI","TXKM",{"v":9036.57,"d":"9,036.57"},{"v":1.56,"d":"R$ 1.56"},{"v":0.3,"d":"R$ 0.30"},{"v":1.86,"d":"R$ 1.86"},{"v":16808.02,"d":"R$ 16,808.02"}]
["2.2.3","100576","REGULARIZAÇÃO E COMPACTAÇÃO DE SUBLEITO DE SOLO  PREDOMINANTEMENTE ARGILOSO. AF_11/2019","SINAPI","M2",{"v":15688.49,"d":"15,688.49"},{"v":2.21,"d":"R$ 2.21"},{"v":0.43,"d":"R$ 0.43"},{"v":2.64,"d":"R$ 2.64"},{"v":41417.61,"d":"R$ 41,417.61"}]
["2.3","PAVIMENTAÇÃO",{"$nulls":7},{"v":66152.72,"d":"R$ 66,152.72"}]
["2.3.1","04.910.02-(DER-PB)","FORNECIMENTO E APLICAÇÃO DE MEIO FIO EM PEDRA GRANÍTICA","Composições Próprias","M",{"v":264,"d":"264.00"},{"v":20.95,"d":"R$ 20.95"},{"v":4.06,"d":"R$ 4.06"},{"v":25.01,"d":"R$ 25.01"},{"v":6602.64,"d":"R$ 6,602.64"}]
["2.3.2","101169","EXECUÇÃO DE PAVIMENTO EM PARALELEPÍPEDOS, REJUNTAMENTO COM ARGAMASSA TRAÇO 1:3 (CIMENTO E AREIA). AF_05/2020","SINAPI","M2",{"v":751.8,"d":"751.80"},{"v":66.34,"d":"R$ 66.34"},{"v":12.87,"d":"R$ 12.87"},{"v":79.21,"d":"R$ 79.21"},{"v":59550.08,"d":"R$ 59,550.08"}]
["2.4","SINALIZAÇÃO VIÁRIA",{"$nulls":7},{"v":314.6,"d":"R$ 314.60"}]
["2.4.1","102498","PINTURA DE MEIO-FIO COM TINTA BRANCA A BASE DE CAL (CAIAÇÃO). AF_05/2021","SINAPI","M",{"v":242,"d":"242.00"},{"v":1.09,"d":"R$ 1.09"},{"v":0.21,"d":"R$ 0.21"},{"v":1.3,"d":"R$ 1.30"},{"v":314.6,"d":"R$ 314.60"}]
["2.5","PASSAGEM MOLHADA",{"$nulls":7},{"v":106432.5,"d":"R$ 106,432.50"}]
["2.5.1","90105","ESCAVAÇÃO MECANIZADA DE VALA COM PROFUNDIDADE ATÉ 1,5 M (MÉDIA MONTANTE E JUSANTE/UMA COMPOSIÇÃO POR TRECHO), RETROESCAV. (0,26 M3), LARGURA MENOR QUE 0,8 M, EM SOLO DE 1A CATEGORIA, LOCAIS COM BAIXO NÍVEL DE INTERFERÊNCIA. AF_02/2021","SINAPI","M3",{"v":31.9,"d":"31.90"},{"v":7.01,"d":"R$ 7.01"},{"v":1.36,"d":"R$ 1.36"},{"v":8.37,"d":"R$ 8.37"},{"v":267,"d":"R$ 267.00"}]
["2.5.2","1506055","Pedra argamassada com cimento e areia 1:3 - areia e pedra de mão comercial - fornecimento e assentamento","SICRO NOVO","m³",32.16,{"v":290.81,"d":"R$ 290.81"},{"v":56.42,"d":"R$ 56.42"},{"v":347.23,"d":"R$ 347.23"},{"v":11166.92,"d":"R$ 11,166.92"}]
["2.5.3","94304","ATERRO MECANIZADO DE VALA COM ESCAVADEIRA HIDRÁULICA (CAPACIDADE DA CAÇAMBA: 0,8 M³ / POTÊNCIA: 111 HP), LARGURA DE 1,5 A 2,5 M, PROFUNDIDADE ATÉ 1,5 M, COM SOLO ARGILO-ARENOSO. AF_05/2016","SINAPI","M3",14.82,{"v":47.93,"d":"R$ 47.93"},{"v":9.3,"d":"R$ 9.30"},{"v":57.23,"d":"R$ 57.23"},{"v":848.15,"d":"R$ 848.15"}]
["2.5.4","93594","TRANSPORTE COM CAMINHÃO BASCULANTE DE 10 M³, EM VIA URBANA EM LEITO NATURAL (UNIDADE: TXKM). AF_07/2020","SINAPI","TXKM",42.68,{"v":1.56,"d":"R$ 1.56"},{"v":0.3,"d":"R$ 0.30"},{"v":1.86,"d":"R$ 1.86"},{"v":79.38,"d":"R$ 79.38"}]
["2.5.5","95241","LASTRO DE CONCRETO MAGRO, APLICADO EM PISOS, LAJES SOBRE SOLO OU RADIERS, ESPESSURA DE 5 CM. AF_07/2016","SINAPI","M2",{"v":420,"d":"420.00"},{"v":22.27,"d":"R$ 22.27"},{"v":4.32,"d":"R$ 4.32"},{"v":26.59,"d":"R$ 26.59"},{"v":11167.8,"d":"R$ 11,167.80"}]
["2.5.6","92431","MONTAGEM E DESMONTAGEM DE FÔRMA DE PILARES RETANGULARES E ESTRUTURAS SIMILARES, PÉ-DIREITO SIMPLES, EM CHAPA DE MADEIRA COMPENSADA PLASTIFICADA, 10 UTILIZAÇÕES. AF_09/2020","SINAPI","M2",{"v":49.2,"d":"49.20"},{"v":48.37,"d":"R$ 48.37"},{"v":9.38,"d":"R$ 9.38"},{"v":57.75,"d":"R$ 57.75"},{"v":2841.3,"d":"R$ 2,841.30"}]
["2.5.7","92916","ARMAÇÃO DE ESTRUTURAS DIVERSAS DE CONCRETO ARMADO, EXCETO VIGAS, PILARES, LAJES E FUNDAÇÕES, UTILIZANDO AÇO CA-50 DE 6,3 MM - MONTAGEM. AF_06/2022","SINAPI","KG",{"v":2084.11,"d":"2,084.11"},{"v":12.88,"d":"R$ 12.88"},{"v":2.5,"d":"R$ 2.50"},{"v":15.38,"d":"R$ 15.38"},{"v":32053.61,"d":"R$ 32,053.61"}]
["2.5.8","94966","CONCRETO FCK = 30MPA, TRAÇO 1:2,1:2,5 (EM MASSA SECA DE CIMENTO/ AREIA MÉDIA/ BRITA 1) - PREPARO MECÂNICO COM BETONEIRA 400 L. AF_05/2021","SINAPI","M3",{"v":63,"d":"63.00"},{"v":353.59,"d":"R$ 353.59"},{"v":68.6,"d":"R$ 68.60"},{"v":422.19,"d":"R$ 422.19"},{"v":26597.97,"d":"R$ 26,597.97"}]
["2.5.9","103670","LANÇAMENTO COM USO DE BALDES, ADENSAMENTO E ACABAMENTO DE CONCRETO EM ESTRUTURAS. AF_02/2022","SINAPI","M3",{"v":63,"d":"63.00"},{"v":223.14,"d":"R$ 223.14"},{"v":43.29,"d":"R$ 43.29"},{"v":266.43,"d":"R$ 266.43"},{"v":16785.09,"d":"R$ 16,785.09"}]
["2.5.10","CPU-0032","Balizadores em concreto armado com tubo de PVC 100mm, h=1,00m, enchimento em concreto 20 MPa, pintura esmalte sintético com aplicação de película reflet. lentes inclusas, inclusive, assentamento na passagem molhada.","Composições Próprias","und",{"v":144,"d":"144.00"},{"v":26.9,"d":"R$ 26.90"},{"v":5.22,"d":"R$ 5.22"},{"v":32.12,"d":"R$ 32.12"},{"v":4625.28,"d":"R$ 4,625.28"}]
["3","TRECHO GASPAR - CABRAL",{"$nulls":7},{"v":245259.63,"d":"R$ 245,259.63"}]
["3.1","TERRAPLANAGEM",{"$nulls":7},{"v":100000.74,"d":"R$ 100,000.74"}]
["3.1.1","98525","LIMPEZA MECANIZADA DE CAMADA VEGETAL, VEGETAÇÃO E PEQUENAS ÁRVORES (DIÂMETRO DE TRONCO MENOR QUE 0,20 M), COM TRATOR DE ESTEIRAS.AF_05/2018","SINAPI","M2",{"v":7017.6,"d":"7,017.60"},{"v":0.32,"d":"R$ 0.32"},{"v":0.06,"d":"R$ 0.06"},{"v":0.38,"d":"R$ 0.38"},{"v":2666.69,"d":"R$ 2,666.69"}]
["3.1.2","100575","REGULARIZAÇÃO DE SUPERFÍCIES COM MOTONIVELADORA. AF_11/2019","SINAPI","M2",{"v":20559.94,"d":"20,559.94"},{"v":0.11,"d":"R$ 0.11"},{"v":0.02,"d":"R$ 0.02"},{"v":0.13,"d":"R$ 0.13"},{"v":2672.79,"d":"R$ 2,672.79"}]
["3.1.3","93594","TRANSPORTE COM CAMINHÃO BASCULANTE DE 10 M³, EM VIA URBANA EM LEITO NATURAL (UNIDADE: TXKM). AF_07/2020","SINAPI","TXKM",{"v":21711.3,"d":"21,711.30"},{"v":1.56,"d":"R$ 1.56"},{"v":0.3,"d":"R$ 0.30"},{"v":1.86,"d":"R$ 1.86"},{"v":40383.02,"d":"R$ 40,383.02"}]
["3.1.4","100576","REGULARIZAÇÃO E COMPACTAÇÃO DE SUBLEITO DE SOLO  PREDOMINANTEMENTE ARGILOSO. AF_11/2019","SINAPI","M2",{"v":20559.94,"d":"20,559.94"},{"v":2.21,"d":"R$ 2.21"},{"v":0.43,"d":"R$ 0.43"},{"v":2.64,"d":"R$ 2.64"},{"v":54278.24,"d":"R$ 54,278.24"}]
["3.2","PASSAGEM MOLHADA",{"$nulls":7},{"v":145258.89,"d":"R$ 145,258.89"}]
["3.2.1","90105","ESCAVAÇÃO MECANIZADA DE VALA COM PROFUNDIDADE ATÉ 1,5 M (MÉDIA MONTANTE E JUSANTE/UMA COMPOSIÇÃO POR TRECHO), RETROESCAV. (0,26 M3), LARGURA MENOR QUE 0,8 M, EM SOLO DE 1A CATEGORIA, LOCAIS COM BAIXO NÍVEL DE INTERFERÊNCIA. AF_02/2021","SINAPI","M3",61.28,{"v":7.01,"d":"R$ 7.01"},{"v":1.36,"d":"R$ 1.36"},{"v":8.37,"d":"R$ 8.37"},{"v":512.91,"d":"R$ 512.91"}]
["3.2.2","1506055","Pedra argamassada com cimento e areia 1:3 - areia e pedra de mão comercial - fornecimento e assentamento","SICRO NOVO","m³",73.34,{"v":290.81,"d":"R$ 290.81"},{"v":56.42,"d":"R$ 56.42"},{"v":347.23,"d":"R$ 347.23"},{"v":25465.85,"d":"R$ 25,465.85"}]
["3.2.3","94304","ATERRO MECANIZADO DE VALA COM ESCAVADEIRA HIDRÁULICA (CAPACIDADE DA CAÇAMBA: 0,8 M³ / POTÊNCIA: 111 HP), LARGURA DE 1,5 A 2,5 M, PROFUNDIDADE ATÉ 1,5 M, COM SOLO ARGILO-ARENOSO. AF_05/2016","SINAPI","M3",77.06,{"v":47.93,"d":"R$ 47.93"},{"v":9.3,"d":"R$ 9.30"},{"v":57.23,"d":"R$ 57.23"},{"v":4410.14,"d":"R$ 4,410.14"}]
["3.2.4","93594","TRANSPORTE COM CAMINHÃO BASCULANTE DE 10 M³, EM VIA URBANA EM LEITO NATURAL (UNIDADE: TXKM). AF_07/2020","SINAPI","TXKM",406.88,{"v":1.56,"d":"R$ 1.56"},{"v":0.3,"d":"R$ 0.30"},{"v":1.86,"d":"R$ 1.86"},{"v":756.8,"d":"R$ 756.80"}]
["3.2.5","95241","LASTRO DE CONCRETO MAGRO, APLICADO EM PISOS, LAJES SOBRE SOLO OU RADIERS, ESPESSURA DE 5 CM. AF_07/2016","SINAPI","M2",438.72,{"v":22.27,"d":"R$ 22.27"},{"v":4.32,"d":"R$ 4.32"},{"v":26.59,"d":"R$ 26.59"},{"v":11665.56,"d":"R$ 11,665.56"}]
["3.2.6","92431","MONTAGEM E DESMONTAGEM DE FÔRMA DE PILARES RETANGULARES E ESTRUTURAS SIMILARES, PÉ-DIREITO SIMPLES, EM CHAPA DE MADEIRA COMPENSADA PLASTIFICADA, 10 UTILIZAÇÕES. AF_09/2020","SINAPI","M2",51.01,{"v":48.37,"d":"R$ 48.37"},{"v":9.38,"d":"R$ 9.38"},{"v":57.75,"d":"R$ 57.75"},{"v":2945.83,"d":"R$ 2,945.83"}]
["3.2.7","92916","ARMAÇÃO DE ESTRUTURAS DIVERSAS DE CONCRETO ARMADO, EXCETO VIGAS, PILARES, LAJES E FUNDAÇÕES, UTILIZANDO AÇO CA-50 DE 6,3 MM - MONTAGEM. AF_06/2022","SINAPI","KG",{"v":2178.95,"d":"2,178.95"},{"v":12.88,"d":"R$ 12.88"},{"v":2.5,"d":"R$ 2.50"},{"v":15.38,"d":"R$ 15.38"},{"v":33512.25,"d":"R$ 33,512.25"}]
["3.2.8","94966","CONCRETO FCK = 30MPA, TRAÇO 1:2,1:2,5 (EM MASSA SECA DE CIMENTO/ AREIA MÉDIA/ BRITA 1) - PREPARO MECÂNICO COM BETONEIRA 400 L. AF_05/2021","SINAPI","M3",65.81,{"v":353.59,"d":"R$ 353.59"},{"v":68.6,"d":"R$ 68.60"},{"v":422.19,"d":"R$ 422.19"},{"v":27784.32,"d":"R$ 27,784.32"}]
["3.2.9","103670","LANÇAMENTO COM USO DE BALDES, ADENSAMENTO E ACABAMENTO DE CONCRETO EM ESTRUTURAS. AF_02/2022","SINAPI","M3",65.81,{"v":223.14,"d":"R$ 223.14"},{"v":43.29,"d":"R$ 43.29"},{"v":266.43,"d":"R$ 266.43"},{"v":17533.76,"d":"R$ 17,533.76"}]
["3.2.10","CPU-0032","Balizadores em concreto armado com tubo de PVC 100mm, h=1,00m, enchimento em concreto 20 MPa, pintura esmalte sintético com aplicação de película reflet. lentes inclusas, inclusive, assentamento na passagem molhada.","Composições Próprias","und",{"v":130,"d":"130.00"},{"v":26.9,"d":"R$ 26.90"},{"v":5.22,"d":"R$ 5.22"},{"v":32.12,"d":"R$ 32.12"},{"v":4175.6,"d":"R$ 4,175.60"}]
["3.2.11","2003868","Lastro de pedra de mão ou rachão - espalhamento manual","SICRO NOVO","m³",146.24,{"v":94.47,"d":"R$ 94.47"},{"v":18.33,"d":"R$ 18.33"},{"v":112.8,"d":"R$ 112.80"},{"v":16495.87,"d":"R$ 16,495.87"}]
["4","TRECHO - PB066/ CABRAL",{"$nulls":7},{"v":97605.41,"d":"R$ 97,605.41"}]
["4.1","TERRAPLANAGEM",{"$nulls":7},{"v":97605.41,"d":"R$ 97,605.41"}]
["4.1.1","98525","LIMPEZA MECANIZADA DE CAMADA VEGETAL, VEGETAÇÃO E PEQUENAS ÁRVORES (DIÂMETRO DE TRONCO MENOR QUE 0,20 M), COM TRATOR DE ESTEIRAS.AF_05/2018","SINAPI","M2",{"v":6709.54,"d":"6,709.54"},{"v":0.32,"d":"R$ 0.32"},{"v":0.06,"d":"R$ 0.06"},{"v":0.38,"d":"R$ 0.38"},{"v":2549.63,"d":"R$ 2,549.63"}]
["4.1.2","100575","REGULARIZAÇÃO DE SUPERFÍCIES COM MOTONIVELADORA. AF_11/2019","SINAPI","M2",{"v":20078.7,"d":"20,078.70"},{"v":0.11,"d":"R$ 0.11"},{"v":0.02,"d":"R$ 0.02"},{"v":0.13,"d":"R$ 0.13"},{"v":2610.23,"d":"R$ 2,610.23"}]
["4.1.3","93594","TRANSPORTE COM CAMINHÃO BASCULANTE DE 10 M³, EM VIA URBANA EM LEITO NATURAL (UNIDADE: TXKM). AF_07/2020","SINAPI","TXKM",{"v":21203.11,"d":"21,203.11"},{"v":1.56,"d":"R$ 1.56"},{"v":0.3,"d":"R$ 0.30"},{"v":1.86,"d":"R$ 1.86"},{"v":39437.78,"d":"R$ 39,437.78"}]
["4.1.4","100576","REGULARIZAÇÃO E COMPACTAÇÃO DE SUBLEITO DE SOLO  PREDOMINANTEMENTE ARGILOSO. AF_11/2019","SINAPI","M2",{"v":20078.7,"d":"20,078.70"},{"v":2.21,"d":"R$ 2.21"},{"v":0.43,"d":"R$ 0.43"},{"v":2.64,"d":"R$ 2.64"},{"v":53007.77,"d":"R$ 53,007.77"}]
["5","TRECHO - CAMURIM - LAGOA DE VELHO",{"$nulls":7},{"v":158954.1,"d":"R$ 158,954.10"}]
["5.1","TERRAPLANAGEM",{"$nulls":7},{"v":158954.1,"d":"R$ 158,954.10"}]
["5.1.1","98525","LIMPEZA MECANIZADA DE CAMADA VEGETAL, VEGETAÇÃO E PEQUENAS ÁRVORES (DIÂMETRO DE TRONCO MENOR QUE 0,20 M), COM TRATOR DE ESTEIRAS.AF_05/2018","SINAPI","M2",{"v":9983.5,"d":"9,983.50"},{"v":0.32,"d":"R$ 0.32"},{"v":0.06,"d":"R$ 0.06"},{"v":0.38,"d":"R$ 0.38"},{"v":3793.73,"d":"R$ 3,793.73"}]
["5.1.2","100575","REGULARIZAÇÃO DE SUPERFÍCIES COM MOTONIVELADORA. AF_11/2019","SINAPI","M2",{"v":29950.5,"d":"29,950.50"},{"v":0.11,"d":"R$ 0.11"},{"v":0.02,"d":"R$ 0.02"},{"v":0.13,"d":"R$ 0.13"},{"v":3893.57,"d":"R$ 3,893.57"}]
["5.1.3","93594","TRANSPORTE COM CAMINHÃO BASCULANTE DE 10 M³, EM VIA URBANA EM LEITO NATURAL (UNIDADE: TXKM). AF_07/2020","SINAPI","TXKM",{"v":38815.85,"d":"38,815.85"},{"v":1.56,"d":"R$ 1.56"},{"v":0.3,"d":"R$ 0.30"},{"v":1.86,"d":"R$ 1.86"},{"v":72197.48,"d":"R$ 72,197.48"}]
["5.1.4","100576","REGULARIZAÇÃO E COMPACTAÇÃO DE SUBLEITO DE SOLO  PREDOMINANTEMENTE ARGILOSO. AF_11/2019","SINAPI","M2",{"v":29950.5,"d":"29,950.50"},{"v":2.21,"d":"R$ 2.21"},{"v":0.43,"d":"R$ 0.43"},{"v":2.64,"d":"R$ 2.64"},{"v":79069.32,"d":"R$ 79,069.32"}]
["6","TRECHO MOGEIRO A CAMURIM",{"$nulls":7},{"v":506739.2,"d":"R$ 506,739.20"}]
["6.1","TERRAPLANAGEM",{"$nulls":7},{"v":258869.77,"d":"R$ 258,869.77"}]
["6.1.1","98525","LIMPEZA MECANIZADA DE CAMADA VEGETAL, VEGETAÇÃO E PEQUENAS ÁRVORES (DIÂMETRO DE TRONCO MENOR QUE 0,20 M), COM TRATOR DE ESTEIRAS.AF_05/2018","SINAPI","M2",{"v":14405,"d":"14,405.00"},{"v":0.32,"d":"R$ 0.32"},{"v":0.06,"d":"R$ 0.06"},{"v":0.38,"d":"R$ 0.38"},{"v":5473.9,"d":"R$ 5,473.90"}]
["6.1.2","100575","REGULARIZAÇÃO DE SUPERFÍCIES COM MOTONIVELADORA. AF_11/2019","SINAPI","M2",{"v":42345,"d":"42,345.00"},{"v":0.11,"d":"R$ 0.11"},{"v":0.02,"d":"R$ 0.02"},{"v":0.13,"d":"R$ 0.13"},{"v":5504.85,"d":"R$ 5,504.85"}]
["6.1.3","93594","TRANSPORTE COM CAMINHÃO BASCULANTE DE 10 M³, EM VIA URBANA EM LEITO NATURAL (UNIDADE: TXKM). AF_07/2020","SINAPI","TXKM",{"v":73172.16,"d":"73,172.16"},{"v":1.56,"d":"R$ 1.56"},{"v":0.3,"d":"R$ 0.30"},{"v":1.86,"d":"R$ 1.86"},{"v":136100.22,"d":"R$ 136,100.22"}]
["6.1.4","100576","REGULARIZAÇÃO E COMPACTAÇÃO DE SUBLEITO DE SOLO  PREDOMINANTEMENTE ARGILOSO. AF_11/2019","SINAPI","M2",{"v":42345,"d":"42,345.00"},{"v":2.21,"d":"R$ 2.21"},{"v":0.43,"d":"R$ 0.43"},{"v":2.64,"d":"R$ 2.64"},{"v":111790.8,"d":"R$ 111,790.80"}]
["6.2","PASSAGEM MOLHADA",{"$nulls":7},{"v":247869.43,"d":"R$ 247,869.43"}]
["6.2.1","90105","ESCAVAÇÃO MECANIZADA DE VALA COM PROFUNDIDADE ATÉ 1,5 M (MÉDIA MONTANTE E JUSANTE/UMA COMPOSIÇÃO POR TRECHO), RETROESCAV. (0,26 M3), LARGURA MENOR QUE 0,8 M, EM SOLO DE 1A CATEGORIA, LOCAIS COM BAIXO NÍVEL DE INTERFERÊNCIA. AF_02/2021","SINAPI","M3",102.89,{"v":7.01,"d":"R$ 7.01"},{"v":1.36,"d":"R$ 1.36"},{"v":8.37,"d":"R$ 8.37"},{"v":861.19,"d":"R$ 861.19"}]
["6.2.2","1506055","Pedra argamassada com cimento e areia 1:3 - areia e pedra de mão comercial - fornecimento e assentamento","SICRO NOVO","m³",{"v":125.7,"d":"125.70"},{"v":290.81,"d":"R$ 290.81"},{"v":56.42,"d":"R$ 56.42"},{"v":347.23,"d":"R$ 347.23"},{"v":43646.81,"d":"R$ 43,646.81"}]
["6.2.3","94304","ATERRO MECANIZADO DE VALA COM ESCAVADEIRA HIDRÁULICA (CAPACIDADE DA CAÇAMBA: 0,8 M³ / POTÊNCIA: 111 HP), LARGURA DE 1,5 A 2,5 M, PROFUNDIDADE ATÉ 1,5 M, COM SOLO ARGILO-ARENOSO. AF_05/2016","SINAPI","M3",120.05,{"v":47.93,"d":"R$ 47.93"},{"v":9.3,"d":"R$ 9.30"},{"v":57.23,"d":"R$ 57.23"},{"v":6870.46,"d":"R$ 6,870.46"}]
["6.2.4","93594","TRANSPORTE COM CAMINHÃO BASCULANTE DE 10 M³, EM VIA URBANA EM LEITO NATURAL (UNIDADE: TXKM). AF_07/2020","SINAPI","TXKM",{"v":1037.23,"d":"1,037.23"},{"v":1.56,"d":"R$ 1.56"},{"v":0.3,"d":"R$ 0.30"},{"v":1.86,"d":"R$ 1.86"},{"v":1929.25,"d":"R$ 1,929.25"}]
["6.2.5","95241","LASTRO DE CONCRETO MAGRO, APLICADO EM PISOS, LAJES SOBRE SOLO OU RADIERS, ESPESSURA DE 5 CM. AF_07/2016","SINAPI","M2",{"v":870,"d":"870.00"},{"v":22.27,"d":"R$ 22.27"},{"v":4.32,"d":"R$ 4.32"},{"v":26.59,"d":"R$ 26.59"},{"v":23133.3,"d":"R$ 23,133.30"}]
["6.2.6","92431","MONTAGEM E DESMONTAGEM DE FÔRMA DE PILARES RETANGULARES E ESTRUTURAS SIMILARES, PÉ-DIREITO SIMPLES, EM CHAPA DE MADEIRA COMPENSADA PLASTIFICADA, 10 UTILIZAÇÕES. AF_09/2020","SINAPI","M2",{"v":101.4,"d":"101.40"},{"v":48.37,"d":"R$ 48.37"},{"v":9.38,"d":"R$ 9.38"},{"v":57.75,"d":"R$ 57.75"},{"v":5855.85,"d":"R$ 5,855.85"}]
["6.2.7","92916","ARMAÇÃO DE ESTRUTURAS DIVERSAS DE CONCRETO ARMADO, EXCETO VIGAS, PILARES, LAJES E FUNDAÇÕES, UTILIZANDO AÇO CA-50 DE 6,3 MM - MONTAGEM. AF_06/2022","SINAPI","KG",{"v":4316.83,"d":"4,316.83"},{"v":12.88,"d":"R$ 12.88"},{"v":2.5,"d":"R$ 2.50"},{"v":15.38,"d":"R$ 15.38"},{"v":66392.85,"d":"R$ 66,392.85"}]
["6.2.8","94966","CONCRETO FCK = 30MPA, TRAÇO 1:2,1:2,5 (EM MASSA SECA DE CIMENTO/ AREIA MÉDIA/ BRITA 1) - PREPARO MECÂNICO COM BETONEIRA 400 L. AF_05/2021","SINAPI","M3",{"v":130.5,"d":"130.50"},{"v":353.59,"d":"R$ 353.59"},{"v":68.6,"d":"R$ 68.60"},{"v":422.19,"d":"R$ 422.19"},{"v":55095.8,"d":"R$ 55,095.80"}]
["6.2.9","103670","LANÇAMENTO COM USO DE BALDES, ADENSAMENTO E ACABAMENTO DE CONCRETO EM ESTRUTURAS. AF_02/2022","SINAPI","M3",{"v":130.5,"d":"130.50"},{"v":223.14,"d":"R$ 223.14"},{"v":43.29,"d":"R$ 43.29"},{"v":266.43,"d":"R$ 266.43"},{"v":34769.12,"d":"R$ 34,769.12"}]
["6.2.10","CPU-0032","Balizadores em concreto armado com tubo de PVC 100mm, h=1,00m, enchimento em concreto 20 MPa, pintura esmalte sintético com aplicação de película reflet. lentes inclusas, inclusive, assentamento na passagem molhada.","Composições Próprias","und",{"v":290,"d":"290.00"},{"v":26.9,"d":"R$ 26.90"},{"v":5.22,"d":"R$ 5.22"},{"v":32.12,"d":"R$ 32.12"},{"v":9314.8,"d":"R$ 9,314.80"}]
["7","TRECHO AREIAL - GAVIÃO",{"$nulls":7},{"v":543205.13,"d":"R$ 543,205.13"}]
["7.1","TERRAPLANAGEM",{"$nulls":7},{"v":323482.58,"d":"R$ 323,482.58"}]
["7.1.1","98525","LIMPEZA MECANIZADA DE CAMADA VEGETAL, VEGETAÇÃO E PEQUENAS ÁRVORES (DIÂMETRO DE TRONCO MENOR QUE 0,20 M), COM TRATOR DE ESTEIRAS.AF_05/2018","SINAPI","M2",{"v":17800,"d":"17,800.00"},{"v":0.32,"d":"R$ 0.32"},{"v":0.06,"d":"R$ 0.06"},{"v":0.38,"d":"R$ 0.38"},{"v":6764,"d":"R$ 6,764.00"}]
["7.1.2","100575","REGULARIZAÇÃO DE SUPERFÍCIES COM MOTONIVELADORA. AF_11/2019","SINAPI","M2",{"v":51393.33,"d":"51,393.33"},{"v":0.11,"d":"R$ 0.11"},{"v":0.02,"d":"R$ 0.02"},{"v":0.13,"d":"R$ 0.13"},{"v":6681.13,"d":"R$ 6,681.13"}]
["7.1.3","93594","TRANSPORTE COM CAMINHÃO BASCULANTE DE 10 M³, EM VIA URBANA EM LEITO NATURAL (UNIDADE: TXKM). AF_07/2020","SINAPI","TXKM",{"v":93741.43,"d":"93,741.43"},{"v":1.56,"d":"R$ 1.56"},{"v":0.3,"d":"R$ 0.30"},{"v":1.86,"d":"R$ 1.86"},{"v":174359.06,"d":"R$ 174,359.06"}]
["7.1.4","100576","REGULARIZAÇÃO E COMPACTAÇÃO DE SUBLEITO DE SOLO  PREDOMINANTEMENTE ARGILOSO. AF_11/2019","SINAPI","M2",{"v":51393.33,"d":"51,393.33"},{"v":2.21,"d":"R$ 2.21"},{"v":0.43,"d":"R$ 0.43"},{"v":2.64,"d":"R$ 2.64"},{"v":135678.39,"d":"R$ 135,678.39"}]
["7.2","PASSAGEM MOLHADA",{"$nulls":7},{"v":219722.55,"d":"R$ 219,722.55"}]
["7.2.1","90105","ESCAVAÇÃO MECANIZADA DE VALA COM PROFUNDIDADE ATÉ 1,5 M (MÉDIA MONTANTE E JUSANTE/UMA COMPOSIÇÃO POR TRECHO), RETROESCAV. (0,26 M3), LARGURA MENOR QUE 0,8 M, EM SOLO DE 1A CATEGORIA, LOCAIS COM BAIXO NÍVEL DE INTERFERÊNCIA. AF_02/2021","SINAPI","M3",99.54,{"v":7.01,"d":"R$ 7.01"},{"v":1.36,"d":"R$ 1.36"},{"v":8.37,"d":"R$ 8.37"},{"v":833.15,"d":"R$ 833.15"}]
["7.2.2","1506055","Pedra argamassada com cimento e areia 1:3 - areia e pedra de mão comercial - fornecimento e assentamento","SICRO NOVO","m³",160.03,{"v":290.81,"d":"R$ 290.81"},{"v":56.42,"d":"R$ 56.42"},{"v":347.23,"d":"R$ 347.23"},{"v":55567.22,"d":"R$ 55,567.22"}]
["7.2.3","94304","ATERRO MECANIZADO DE VALA COM ESCAVADEIRA HIDRÁULICA (CAPACIDADE DA CAÇAMBA: 0,8 M³ / POTÊNCIA: 111 HP), LARGURA DE 1,5 A 2,5 M, PROFUNDIDADE ATÉ 1,5 M, COM SOLO ARGILO-ARENOSO. AF_05/2016","SINAPI","M3",{"v":165.6,"d":"165.60"},{"v":47.93,"d":"R$ 47.93"},{"v":9.3,"d":"R$ 9.30"},{"v":57.23,"d":"R$ 57.23"},{"v":9477.29,"d":"R$ 9,477.29"}]
["7.2.4","93594","TRANSPORTE COM CAMINHÃO BASCULANTE DE 10 M³, EM VIA URBANA EM LEITO NATURAL (UNIDADE: TXKM). AF_07/2020","SINAPI","TXKM",{"v":1510.27,"d":"1,510.27"},{"v":1.56,"d":"R$ 1.56"},{"v":0.3,"d":"R$ 0.30"},{"v":1.86,"d":"R$ 1.86"},{"v":2809.1,"d":"R$ 2,809.10"}]
["7.2.5","95241","LASTRO DE CONCRETO MAGRO, APLICADO EM PISOS, LAJES SOBRE SOLO OU RADIERS, ESPESSURA DE 5 CM. AF_07/2016","SINAPI","M2",{"v":549,"d":"549.00"},{"v":22.27,"d":"R$ 22.27"},{"v":4.32,"d":"R$ 4.32"},{"v":26.59,"d":"R$ 26.59"},{"v":14597.91,"d":"R$ 14,597.91"}]
["7.2.6","92431","MONTAGEM E DESMONTAGEM DE FÔRMA DE PILARES RETANGULARES E ESTRUTURAS SIMILARES, PÉ-DIREITO SIMPLES, EM CHAPA DE MADEIRA COMPENSADA PLASTIFICADA, 10 UTILIZAÇÕES. AF_09/2020","SINAPI","M2",{"v":62.1,"d":"62.10"},{"v":48.37,"d":"R$ 48.37"},{"v":9.38,"d":"R$ 9.38"},{"v":57.75,"d":"R$ 57.75"},{"v":3586.28,"d":"R$ 3,586.28"}]
["7.2.7","92916","ARMAÇÃO DE ESTRUTURAS DIVERSAS DE CONCRETO ARMADO, EXCETO VIGAS, PILARES, LAJES E FUNDAÇÕES, UTILIZANDO AÇO CA-50 DE 6,3 MM - MONTAGEM. AF_06/2022","SINAPI","KG",{"v":2723.06,"d":"2,723.06"},{"v":12.88,"d":"R$ 12.88"},{"v":2.5,"d":"R$ 2.50"},{"v":15.38,"d":"R$ 15.38"},{"v":41880.66,"d":"R$ 41,880.66"}]
["7.2.8","94966","CONCRETO FCK = 30MPA, TRAÇO 1:2,1:2,5 (EM MASSA SECA DE CIMENTO/ AREIA MÉDIA/ BRITA 1) - PREPARO MECÂNICO COM BETONEIRA 400 L. AF_05/2021","SINAPI","M3",82.35,{"v":353.59,"d":"R$ 353.59"},{"v":68.6,"d":"R$ 68.60"},{"v":422.19,"d":"R$ 422.19"},{"v":34767.35,"d":"R$ 34,767.35"}]
["7.2.9","103670","LANÇAMENTO COM USO DE BALDES, ADENSAMENTO E ACABAMENTO DE CONCRETO EM ESTRUTURAS. AF_02/2022","SINAPI","M3",82.35,{"v":223.14,"d":"R$ 223.14"},{"v":43.29,"d":"R$ 43.29"},{"v":266.43,"d":"R$ 266.43"},{"v":21940.51,"d":"R$ 21,940.51"}]
["7.2.10","CPU-0032","Balizadores em concreto armado com tubo de PVC 100mm, h=1,00m, enchimento em concreto 20 MPa, pintura esmalte sintético com aplicação de película reflet. lentes inclusas, inclusive, assentamento na passagem molhada.","Composições Próprias","und",{"v":184,"d":"184.00"},{"v":26.9,"d":"R$ 26.90"},{"v":5.22,"d":"R$ 5.22"},{"v":32.12,"d":"R$ 32.12"},{"v":5910.08,"d":"R$ 5,910.08"}]
["7.2.11","2003868","Lastro de pedra de mão ou rachão - espalhamento manual","SICRO NOVO","m³",{"v":183,"d":"183.00"},{"v":94.47,"d":"R$ 94.47"},{"v":18.33,"d":"R$ 18.33"},{"v":112.8,"d":"R$ 112.80"},{"v":20642.4,"d":"R$ 20,642.40"}]
["7.2.12","92811","ASSENTAMENTO DE TUBO DE CONCRETO PARA REDES COLETORAS DE ÁGUAS PLUVIAIS, DIÂMETRO DE 600 MM, JUNTA RÍGIDA, INSTALADO EM LOCAL COM BAIXO NÍVEL DE INTERFERÊNCIAS (NÃO INCLUI FORNECIMENTO). AF_12/2015","SINAPI","M",{"v":30,"d":"30.00"},{"v":65.07,"d":"R$ 65.07"},{"v":12.62,"d":"R$ 12.62"},{"v":77.69,"d":"R$ 77.69"},{"v":2330.7,"d":"R$ 2,330.70"}]
["7.2.13","00007725","TUBO DE CONCRETO ARMADO PARA AGUAS PLUVIAIS, CLASSE PA-1, COM ENCAIXE PONTA E BOLSA, DIAMETRO NOMINAL DE = 600 MM","SINAPI","M",{"v":30,"d":"30.00"},{"v":150.19,"d":"R$ 150.19"},{"v":29.14,"d":"R$ 29.14"},{"v":179.33,"d":"R$ 179.33"},{"v":5379.9,"d":"R$ 5,379.90"}]
["8","TRECHO AREIAL - JUÁ",{"$nulls":7},{"v":592250.02,"d":"R$ 592,250.02"}]
["8.1","TERRAPLENAGEM",{"$nulls":7},{"v":79728.67,"d":"R$ 79,728.67"}]
["8.1.1","98525","LIMPEZA MECANIZADA DE CAMADA VEGETAL, VEGETAÇÃO E PEQUENAS ÁRVORES (DIÂMETRO DE TRONCO MENOR QUE 0,20 M), COM TRATOR DE ESTEIRAS.AF_05/2018","SINAPI","M2",{"v":7600,"d":"7,600.00"},{"v":0.32,"d":"R$ 0.32"},{"v":0.06,"d":"R$ 0.06"},{"v":0.38,"d":"R$ 0.38"},{"v":2888,"d":"R$ 2,888.00"}]
["8.1.2","100575","REGULARIZAÇÃO DE SUPERFÍCIES COM MOTONIVELADORA. AF_11/2019","SINAPI","M2",{"v":22800,"d":"22,800.00"},{"v":0.11,"d":"R$ 0.11"},{"v":0.02,"d":"R$ 0.02"},{"v":0.13,"d":"R$ 0.13"},{"v":2964,"d":"R$ 2,964.00"}]
["8.1.3","93594","TRANSPORTE COM CAMINHÃO BASCULANTE DE 10 M³, EM VIA URBANA EM LEITO NATURAL (UNIDADE: TXKM). AF_07/2020","SINAPI","TXKM",{"v":9528.96,"d":"9,528.96"},{"v":1.56,"d":"R$ 1.56"},{"v":0.3,"d":"R$ 0.30"},{"v":1.86,"d":"R$ 1.86"},{"v":17723.87,"d":"R$ 17,723.87"}]
["8.1.4","100576","REGULARIZAÇÃO E COMPACTAÇÃO DE SUBLEITO DE SOLO  PREDOMINANTEMENTE ARGILOSO. AF_11/2019","SINAPI","M2",{"v":21270,"d":"21,270.00"},{"v":2.21,"d":"R$ 2.21"},{"v":0.43,"d":"R$ 0.43"},{"v":2.64,"d":"R$ 2.64"},{"v":56152.8,"d":"R$ 56,152.80"}]
["8.2","PASSAGEM MOLHADA",{"$nulls":7},{"v":512521.35,"d":"R$ 512,521.35"}]
["8.2.1","90105","ESCAVAÇÃO MECANIZADA DE VALA COM PROFUNDIDADE ATÉ 1,5 M (MÉDIA MONTANTE E JUSANTE/UMA COMPOSIÇÃO POR TRECHO), RETROESCAV. (0,26 M3), LARGURA MENOR QUE 0,8 M, EM SOLO DE 1A CATEGORIA, LOCAIS COM BAIXO NÍVEL DE INTERFERÊNCIA. AF_02/2021","SINAPI","M3",202.88,{"v":7.01,"d":"R$ 7.01"},{"v":1.36,"d":"R$ 1.36"},{"v":8.37,"d":"R$ 8.37"},{"v":1698.11,"d":"R$ 1,698.11"}]
["8.2.2","1506055","Pedra argamassada com cimento e areia 1:3 - areia e pedra de mão comercial - fornecimento e assentamento","SICRO NOVO","m³",266.47,{"v":290.81,"d":"R$ 290.81"},{"v":56.42,"d":"R$ 56.42"},{"v":347.23,"d":"R$ 347.23"},{"v":92526.38,"d":"R$ 92,526.38"}]
["8.2.3","94304","ATERRO MECANIZADO DE VALA COM ESCAVADEIRA HIDRÁULICA (CAPACIDADE DA CAÇAMBA: 0,8 M³ / POTÊNCIA: 111 HP), LARGURA DE 1,5 A 2,5 M, PROFUNDIDADE ATÉ 1,5 M, COM SOLO ARGILO-ARENOSO. AF_05/2016","SINAPI","M3",313.25,{"v":47.93,"d":"R$ 47.93"},{"v":9.3,"d":"R$ 9.30"},{"v":57.23,"d":"R$ 57.23"},{"v":17927.3,"d":"R$ 17,927.30"}]
["8.2.4","93594","TRANSPORTE COM CAMINHÃO BASCULANTE DE 10 M³, EM VIA URBANA EM LEITO NATURAL (UNIDADE: TXKM). AF_07/2020","SINAPI","TXKM",701.68,{"v":1.56,"d":"R$ 1.56"},{"v":0.3,"d":"R$ 0.30"},{"v":1.86,"d":"R$ 1.86"},{"v":1305.12,"d":"R$ 1,305.12"}]
["8.2.5","95241","LASTRO DE CONCRETO MAGRO, APLICADO EM PISOS, LAJES SOBRE SOLO OU RADIERS, ESPESSURA DE 5 CM. AF_07/2016","SINAPI","M2",{"v":1530,"d":"1,530.00"},{"v":22.27,"d":"R$ 22.27"},{"v":4.32,"d":"R$ 4.32"},{"v":26.59,"d":"R$ 26.59"},{"v":40682.7,"d":"R$ 40,682.70"}]
["8.2.6","92431","MONTAGEM E DESMONTAGEM DE FÔRMA DE PILARES RETANGULARES E ESTRUTURAS SIMILARES, PÉ-DIREITO SIMPLES, EM CHAPA DE MADEIRA COMPENSADA PLASTIFICADA, 10 UTILIZAÇÕES. AF_09/2020","SINAPI","M2",{"v":167.4,"d":"167.40"},{"v":48.37,"d":"R$ 48.37"},{"v":9.38,"d":"R$ 9.38"},{"v":57.75,"d":"R$ 57.75"},{"v":9667.35,"d":"R$ 9,667.35"}]
["8.2.7","92916","ARMAÇÃO DE ESTRUTURAS DIVERSAS DE CONCRETO ARMADO, EXCETO VIGAS, PILARES, LAJES E FUNDAÇÕES, UTILIZANDO AÇO CA-50 DE 6,3 MM - MONTAGEM. AF_06/2022","SINAPI","KG",{"v":7585.86,"d":"7,585.86"},{"v":12.88,"d":"R$ 12.88"},{"v":2.5,"d":"R$ 2.50"},{"v":15.38,"d":"R$ 15.38"},{"v":116670.53,"d":"R$ 116,670.53"}]
["8.2.8","94966","CONCRETO FCK = 30MPA, TRAÇO 1:2,1:2,5 (EM MASSA SECA DE CIMENTO/ AREIA MÉDIA/ BRITA 1) - PREPARO MECÂNICO COM BETONEIRA 400 L. AF_05/2021","SINAPI","M3",{"v":229.5,"d":"229.50"},{"v":353.59,"d":"R$ 353.59"},{"v":68.6,"d":"R$ 68.60"},{"v":422.19,"d":"R$ 422.19"},{"v":96892.61,"d":"R$ 96,892.61"}]
["8.2.9","103670","LANÇAMENTO COM USO DE BALDES, ADENSAMENTO E ACABAMENTO DE CONCRETO EM ESTRUTURAS. AF_02/2022","SINAPI","M3",{"v":229.5,"d":"229.50"},{"v":223.14,"d":"R$ 223.14"},{"v":43.29,"d":"R$ 43.29"},{"v":266.43,"d":"R$ 266.43"},{"v":61145.69,"d":"R$ 61,145.69"}]
["8.2.10","CPU-0032","Balizadores em concreto armado com tubo de PVC 100mm, h=1,00m, enchimento em concreto 20 MPa, pintura esmalte sintético com aplicação de película reflet. lentes inclusas, inclusive, assentamento na passagem molhada.","Composições Próprias","und",{"v":513,"d":"513.00"},{"v":26.9,"d":"R$ 26.90"},{"v":5.22,"d":"R$ 5.22"},{"v":32.12,"d":"R$ 32.12"},{"v":16477.56,"d":"R$ 16,477.56"}]
["8.2.11","2003868","Lastro de pedra de mão ou rachão - espalhamento manual","SICRO NOVO","m³",{"v":510,"d":"510.00"},{"v":94.47,"d":"R$ 94.47"},{"v":18.33,"d":"R$ 18.33"},{"v":112.8,"d":"R$ 112.80"},{"v":57528,"d":"R$ 57,528.00"}]
["9","TRECHO - SERRA DO CABRAL",{"$nulls":7},{"v":736864.69,"d":"R$ 736,864.69"}]
["9.1","TERRAPLANAGEM",{"$nulls":7},{"v":147492.4,"d":"R$ 147,492.40"}]
["9.1.1","98525","LIMPEZA MECANIZADA DE CAMADA VEGETAL, VEGETAÇÃO E PEQUENAS ÁRVORES (DIÂMETRO DE TRONCO MENOR QUE 0,20 M), COM TRATOR DE ESTEIRAS.AF_05/2018","SINAPI","M2",{"v":10582,"d":"10,582.00"},{"v":0.32,"d":"R$ 0.32"},{"v":0.06,"d":"R$ 0.06"},{"v":0.38,"d":"R$ 0.38"},{"v":4021.16,"d":"R$ 4,021.16"}]
["9.1.2","100575","REGULARIZAÇÃO DE SUPERFÍCIES COM MOTONIVELADORA. AF_11/2019","SINAPI","M2",{"v":24968.89,"d":"24,968.89"},{"v":0.11,"d":"R$ 0.11"},{"v":0.02,"d":"R$ 0.02"},{"v":0.13,"d":"R$ 0.13"},{"v":3245.96,"d":"R$ 3,245.96"}]
["9.1.3","93594","TRANSPORTE COM CAMINHÃO BASCULANTE DE 10 M³, EM VIA URBANA EM LEITO NATURAL (UNIDADE: TXKM). AF_07/2020","SINAPI","TXKM",{"v":39950.22,"d":"39,950.22"},{"v":1.56,"d":"R$ 1.56"},{"v":0.3,"d":"R$ 0.30"},{"v":1.86,"d":"R$ 1.86"},{"v":74307.41,"d":"R$ 74,307.41"}]
["9.1.4","100576","REGULARIZAÇÃO E COMPACTAÇÃO DE SUBLEITO DE SOLO  PREDOMINANTEMENTE ARGILOSO. AF_11/2019","SINAPI","M2",{"v":24968.89,"d":"24,968.89"},{"v":2.21,"d":"R$ 2.21"},{"v":0.43,"d":"R$ 0.43"},{"v":2.64,"d":"R$ 2.64"},{"v":65917.87,"d":"R$ 65,917.87"}]
["9.2","PASSAGEM MOLHADA",{"$nulls":7},{"v":589372.29,"d":"R$ 589,372.29"}]
["9.2.1","90105","ESCAVAÇÃO MECANIZADA DE VALA COM PROFUNDIDADE ATÉ 1,5 M (MÉDIA MONTANTE E JUSANTE/UMA COMPOSIÇÃO POR TRECHO), RETROESCAV. (0,26 M3), LARGURA MENOR QUE 0,8 M, EM SOLO DE 1A CATEGORIA, LOCAIS COM BAIXO NÍVEL DE INTERFERÊNCIA. AF_02/2021","SINAPI","M3",298.47,{"v":7.01,"d":"R$ 7.01"},{"v":1.36,"d":"R$ 1.36"},{"v":8.37,"d":"R$ 8.37"},{"v":2498.19,"d":"R$ 2,498.19"}]
["9.2.2","1506055","Pedra argamassada com cimento e areia 1:3 - areia e pedra de mão comercial - fornecimento e assentamento","SICRO NOVO","m³",425.63,{"v":290.81,"d":"R$ 290.81"},{"v":56.42,"d":"R$ 56.42"},{"v":347.23,"d":"R$ 347.23"},{"v":147791.5,"d":"R$ 147,791.50"}]
["9.2.3","94304","ATERRO MECANIZADO DE VALA COM ESCAVADEIRA HIDRÁULICA (CAPACIDADE DA CAÇAMBA: 0,8 M³ / POTÊNCIA: 111 HP), LARGURA DE 1,5 A 2,5 M, PROFUNDIDADE ATÉ 1,5 M, COM SOLO ARGILO-ARENOSO. AF_05/2016","SINAPI","M3",451.67,{"v":47.93,"d":"R$ 47.93"},{"v":9.3,"d":"R$ 9.30"},{"v":57.23,"d":"R$ 57.23"},{"v":25849.07,"d":"R$ 25,849.07"}]
["9.2.4","93594","TRANSPORTE COM CAMINHÃO BASCULANTE DE 10 M³, EM VIA URBANA EM LEITO NATURAL (UNIDADE: TXKM). AF_07/2020","SINAPI","TXKM",{"v":3613.36,"d":"3,613.36"},{"v":1.56,"d":"R$ 1.56"},{"v":0.3,"d":"R$ 0.30"},{"v":1.86,"d":"R$ 1.86"},{"v":6720.85,"d":"R$ 6,720.85"}]
["9.2.5","95241","LASTRO DE CONCRETO MAGRO, APLICADO EM PISOS, LAJES SOBRE SOLO OU RADIERS, ESPESSURA DE 5 CM. AF_07/2016","SINAPI","M2",{"v":1441.8,"d":"1,441.80"},{"v":22.27,"d":"R$ 22.27"},{"v":4.32,"d":"R$ 4.32"},{"v":26.59,"d":"R$ 26.59"},{"v":38337.46,"d":"R$ 38,337.46"}]
["9.2.6","92431","MONTAGEM E DESMONTAGEM DE FÔRMA DE PILARES RETANGULARES E ESTRUTURAS SIMILARES, PÉ-DIREITO SIMPLES, EM CHAPA DE MADEIRA COMPENSADA PLASTIFICADA, 10 UTILIZAÇÕES. AF_09/2020","SINAPI","M2",208.32,{"v":48.37,"d":"R$ 48.37"},{"v":9.38,"d":"R$ 9.38"},{"v":57.75,"d":"R$ 57.75"},{"v":12030.48,"d":"R$ 12,030.48"}]
["9.2.7","92916","ARMAÇÃO DE ESTRUTURAS DIVERSAS DE CONCRETO ARMADO, EXCETO VIGAS, PILARES, LAJES E FUNDAÇÕES, UTILIZANDO AÇO CA-50 DE 6,3 MM - MONTAGEM. AF_06/2022","SINAPI","KG",{"v":7111.64,"d":"7,111.64"},{"v":12.88,"d":"R$ 12.88"},{"v":2.5,"d":"R$ 2.50"},{"v":15.38,"d":"R$ 15.38"},{"v":109377.02,"d":"R$ 109,377.02"}]
["9.2.8","94966","CONCRETO FCK = 30MPA, TRAÇO 1:2,1:2,5 (EM MASSA SECA DE CIMENTO/ AREIA MÉDIA/ BRITA 1) - PREPARO MECÂNICO COM BETONEIRA 400 L. AF_05/2021","SINAPI","M3",216.27,{"v":353.59,"d":"R$ 353.59"},{"v":68.6,"d":"R$ 68.60"},{"v":422.19,"d":"R$ 422.19"},{"v":91307.03,"d":"R$ 91,307.03"}]
["9.2.9","103670","LANÇAMENTO COM USO DE BALDES, ADENSAMENTO E ACABAMENTO DE CONCRETO EM ESTRUTURAS. AF_02/2022","SINAPI","M3",216.27,{"v":223.14,"d":"R$ 223.14"},{"v":43.29,"d":"R$ 43.29"},{"v":266.43,"d":"R$ 266.43"},{"v":57620.82,"d":"R$ 57,620.82"}]
["9.2.10","CPU-0032","Balizadores em concreto armado com tubo de PVC 100mm, h=1,00m, enchimento em concreto 20 MPa, pintura esmalte sintético com aplicação de película reflet. lentes inclusas, inclusive, assentamento na passagem molhada.","Composições Próprias","und",{"v":655,"d":"655.00"},{"v":26.9,"d":"R$ 26.90"},{"v":5.22,"d":"R$ 5.22"},{"v":32.12,"d":"R$ 32.12"},{"v":21038.6,"d":"R$ 21,038.60"}]
["9.2.11","2003868","Lastro de pedra de mão ou rachão - espalhamento manual","SICRO NOVO","m³",{"v":648.4,"d":"648.40"},{"v":94.47,"d":"R$ 94.47"},{"v":18.33,"d":"R$ 18.33"},{"v":112.8,"d":"R$ 112.80"},{"v":73139.52,"d":"R$ 73,139.52"}]
["9.2.12","92809","ASSENTAMENTO DE TUBO DE CONCRETO PARA REDES COLETORAS DE ÁGUAS PLUVIAIS, DIÂMETRO DE 400 MM, JUNTA RÍGIDA, INSTALADO EM LOCAL COM BAIXO NÍVEL DE INTERFERÊNCIAS (NÃO INCLUI FORNECIMENTO). AF_12/2015","SINAPI","M",{"v":25,"d":"25.00"},{"v":45.05,"d":"R$ 45.05"},{"v":8.74,"d":"R$ 8.74"},{"v":53.79,"d":"R$ 53.79"},{"v":1344.75,"d":"R$ 1,344.75"}]
["9.2.13","00007745","TUBO DE CONCRETO ARMADO PARA AGUAS PLUVIAIS, CLASSE PA-1, COM ENCAIXE PONTA E BOLSA, DIAMETRO NOMINAL DE 400 MM","SINAPI","M",{"v":25,"d":"25.00"},{"v":77.62,"d":"R$ 77.62"},{"v":15.06,"d":"R$ 15.06"},{"v":92.68,"d":"R$ 92.68"},{"v":2317,"d":"R$ 2,317.00"}]
["10","TRECHO - ACARÁ- CAMURIM",{"$nulls":7},{"v":653369.09,"d":"R$ 653,369.09"}]
["10.1","SERVIÇOS PRELIMINARES",{"$nulls":7},{"v":3893.09,"d":"R$ 3,893.09"}]
["10.1.1","99064","LOCAÇÃO DE PAVIMENTAÇÃO. AF_10/2018","SINAPI","M",679.81,{"v":0.53,"d":"R$ 0.53"},{"v":0.1,"d":"R$ 0.10"},{"v":0.63,"d":"R$ 0.63"},{"v":428.28,"d":"R$ 428.28"}]
["10.1.2","98525","LIMPEZA MECANIZADA DE CAMADA VEGETAL, VEGETAÇÃO E PEQUENAS ÁRVORES (DIÂMETRO DE TRONCO MENOR QUE 0,20 M), COM TRATOR DE ESTEIRAS.AF_05/2018","SINAPI","M2",{"v":9117.92,"d":"9,117.92"},{"v":0.32,"d":"R$ 0.32"},{"v":0.06,"d":"R$ 0.06"},{"v":0.38,"d":"R$ 0.38"},{"v":3464.81,"d":"R$ 3,464.81"}]
["10.2","TERRAPLANAGEM",{"$nulls":7},{"v":199414.55,"d":"R$ 199,414.55"}]
["10.2.1","100575","REGULARIZAÇÃO DE SUPERFÍCIES COM MOTONIVELADORA. AF_11/2019","SINAPI","M2",{"v":26902.25,"d":"26,902.25"},{"v":0.11,"d":"R$ 0.11"},{"v":0.02,"d":"R$ 0.02"},{"v":0.13,"d":"R$ 0.13"},{"v":3497.29,"d":"R$ 3,497.29"}]
["10.2.2","93594","TRANSPORTE COM CAMINHÃO BASCULANTE DE 10 M³, EM VIA URBANA EM LEITO NATURAL (UNIDADE: TXKM). AF_07/2020","SINAPI","TXKM",{"v":67148.02,"d":"67,148.02"},{"v":1.56,"d":"R$ 1.56"},{"v":0.3,"d":"R$ 0.30"},{"v":1.86,"d":"R$ 1.86"},{"v":124895.32,"d":"R$ 124,895.32"}]
["10.2.3","100576","REGULARIZAÇÃO E COMPACTAÇÃO DE SUBLEITO DE SOLO  PREDOMINANTEMENTE ARGILOSO. AF_11/2019","SINAPI","M2",{"v":26902.25,"d":"26,902.25"},{"v":2.21,"d":"R$ 2.21"},{"v":0.43,"d":"R$ 0.43"},{"v":2.64,"d":"R$ 2.64"},{"v":71021.94,"d":"R$ 71,021.94"}]
["10.3","PAVIMENTAÇÃO",{"$nulls":7},{"v":350202.96,"d":"R$ 350,202.96"}]
["10.3.1","04.910.02 - (DER-PB)","FORNECIMENTO E APLICAÇÃO DE MEIO FIO EM PEDRA GRANITICA","Composições Próprias","M",{"v":1395.62,"d":"1,395.62"},{"v":20.73,"d":"R$ 20.73"},{"v":4.02,"d":"R$ 4.02"},{"v":24.75,"d":"R$ 24.75"},{"v":34541.6,"d":"R$ 34,541.60"}]
["10.3.2","101169","EXECUÇÃO DE PAVIMENTO EM PARALELEPÍPEDOS, REJUNTAMENTO COM ARGAMASSA TRAÇO 1:3 (CIMENTO E AREIA). AF_05/2020","SINAPI","M2",{"v":3985.12,"d":"3,985.12"},{"v":66.34,"d":"R$ 66.34"},{"v":12.87,"d":"R$ 12.87"},{"v":79.21,"d":"R$ 79.21"},{"v":315661.36,"d":"R$ 315,661.36"}]
["10.4","SINALIZAÇÃO VIÁRIA",{"$nulls":7},{"v":1767.51,"d":"R$ 1,767.51"}]
["10.4.1","102498","PINTURA DE MEIO-FIO COM TINTA BRANCA A BASE DE CAL (CAIAÇÃO). AF_05/2021","SINAPI","M",{"v":1359.62,"d":"1,359.62"},{"v":1.09,"d":"R$ 1.09"},{"v":0.21,"d":"R$ 0.21"},{"v":1.3,"d":"R$ 1.30"},{"v":1767.51,"d":"R$ 1,767.51"}]
["10.5","PASSAGEM MOLHADA",{"$nulls":7},{"v":98090.98,"d":"R$ 98,090.98"}]
["10.5.1","90105","ESCAVAÇÃO MECANIZADA DE VALA COM PROFUNDIDADE ATÉ 1,5 M (MÉDIA MONTANTE E JUSANTE/UMA COMPOSIÇÃO POR TRECHO), RETROESCAV. (0,26 M3), LARGURA MENOR QUE 0,8 M, EM SOLO DE 1A CATEGORIA, LOCAIS COM BAIXO NÍVEL DE INTERFERÊNCIA. AF_02/2021","SINAPI","M3",311.76,{"v":7.01,"d":"R$ 7.01"},{"v":1.36,"d":"R$ 1.36"},{"v":8.37,"d":"R$ 8.37"},{"v":2609.43,"d":"R$ 2,609.43"}]
["10.5.2","1506055","Pedra argamassada com cimento e areia 1:3 - areia e pedra de mão comercial - fornecimento e assentamento","SICRO NOVO","m³",46.52,{"v":290.81,"d":"R$ 290.81"},{"v":56.42,"d":"R$ 56.42"},{"v":347.23,"d":"R$ 347.23"},{"v":16153.14,"d":"R$ 16,153.14"}]
["10.5.3","94304","ATERRO MECANIZADO DE VALA COM ESCAVADEIRA HIDRÁULICA (CAPACIDADE DA CAÇAMBA: 0,8 M³ / POTÊNCIA: 111 HP), LARGURA DE 1,5 A 2,5 M, PROFUNDIDADE ATÉ 1,5 M, COM SOLO ARGILO-ARENOSO. AF_05/2016","SINAPI","M3",6.81,{"v":47.93,"d":"R$ 47.93"},{"v":9.3,"d":"R$ 9.30"},{"v":57.23,"d":"R$ 57.23"},{"v":389.74,"d":"R$ 389.74"}]
["10.5.4","93594","TRANSPORTE COM CAMINHÃO BASCULANTE DE 10 M³, EM VIA URBANA EM LEITO NATURAL (UNIDADE: TXKM). AF_07/2020","SINAPI","TXKM",84.99,{"v":1.56,"d":"R$ 1.56"},{"v":0.3,"d":"R$ 0.30"},{"v":1.86,"d":"R$ 1.86"},{"v":158.08,"d":"R$ 158.08"}]
["10.5.5","95241","LASTRO DE CONCRETO MAGRO, APLICADO EM PISOS, LAJES SOBRE SOLO OU RADIERS, ESPESSURA DE 5 CM. AF_07/2016","SINAPI","M2",{"v":302.1,"d":"302.10"},{"v":22.27,"d":"R$ 22.27"},{"v":4.32,"d":"R$ 4.32"},{"v":26.59,"d":"R$ 26.59"},{"v":8032.84,"d":"R$ 8,032.84"}]
["10.5.6","92431","MONTAGEM E DESMONTAGEM DE FÔRMA DE PILARES RETANGULARES E ESTRUTURAS SIMILARES, PÉ-DIREITO SIMPLES, EM CHAPA DE MADEIRA COMPENSADA PLASTIFICADA, 10 UTILIZAÇÕES. AF_09/2020","SINAPI","M2",{"v":33.7,"d":"33.70"},{"v":48.37,"d":"R$ 48.37"},{"v":9.38,"d":"R$ 9.38"},{"v":57.75,"d":"R$ 57.75"},{"v":1946.18,"d":"R$ 1,946.18"}]
["10.5.7","92916","ARMAÇÃO DE ESTRUTURAS DIVERSAS DE CONCRETO ARMADO, EXCETO VIGAS, PILARES, LAJES E FUNDAÇÕES, UTILIZANDO AÇO CA-50 DE 6,3 MM - MONTAGEM. AF_06/2022","SINAPI","KG",{"v":1498.99,"d":"1,498.99"},{"v":12.88,"d":"R$ 12.88"},{"v":2.5,"d":"R$ 2.50"},{"v":15.38,"d":"R$ 15.38"},{"v":23054.47,"d":"R$ 23,054.47"}]
["10.5.8","94966","CONCRETO FCK = 30MPA, TRAÇO 1:2,1:2,5 (EM MASSA SECA DE CIMENTO/ AREIA MÉDIA/ BRITA 1) - PREPARO MECÂNICO COM BETONEIRA 400 L. AF_05/2021","SINAPI","M3",45.32,{"v":353.59,"d":"R$ 353.59"},{"v":68.6,"d":"R$ 68.60"},{"v":422.19,"d":"R$ 422.19"},{"v":19133.65,"d":"R$ 19,133.65"}]
["10.5.9","103670","LANÇAMENTO COM USO DE BALDES, ADENSAMENTO E ACABAMENTO DE CONCRETO EM ESTRUTURAS. AF_02/2022","SINAPI","M3",45.32,{"v":223.14,"d":"R$ 223.14"},{"v":43.29,"d":"R$ 43.29"},{"v":266.43,"d":"R$ 266.43"},{"v":12074.61,"d":"R$ 12,074.61"}]
["10.5.10","CPU-0032","Balizadores em concreto armado com tubo de PVC 100mm, h=1,00m, enchimento em concreto 20 MPa, pintura esmalte sintético com aplicação de película reflet. lentes inclusas, inclusive, assentamento na passagem molhada.","Composições Próprias","und",{"v":99,"d":"99.00"},{"v":26.9,"d":"R$ 26.90"},{"v":5.22,"d":"R$ 5.22"},{"v":32.12,"d":"R$ 32.12"},{"v":3179.88,"d":"R$ 3,179.88"}]
["10.5.11","2003868","Lastro de pedra de mão ou rachão - espalhamento manual","SICRO NOVO","m³",{"v":100.7,"d":"100.70"},{"v":94.47,"d":"R$ 94.47"},{"v":18.33,"d":"R$ 18.33"},{"v":112.8,"d":"R$ 112.80"},{"v":11358.96,"d":"R$ 11,358.96"}]
["11","TRECHO - CARIATÁ / DOM MARCELO",{"$nulls":7},{"v":480250.25,"d":"R$ 480,250.25"}]
["11.1","TERRAPLANAGEM",{"$nulls":7},{"v":401593.77,"d":"R$ 401,593.77"}]
["11.1.1","98525","LIMPEZA MECANIZADA DE CAMADA VEGETAL, VEGETAÇÃO E PEQUENAS ÁRVORES (DIÂMETRO DE TRONCO MENOR QUE 0,20 M), COM TRATOR DE ESTEIRAS.AF_05/2018","SINAPI","M2",{"v":11538.3,"d":"11,538.30"},{"v":0.32,"d":"R$ 0.32"},{"v":0.06,"d":"R$ 0.06"},{"v":0.38,"d":"R$ 0.38"},{"v":4384.55,"d":"R$ 4,384.55"}]
["11.1.2","100575","REGULARIZAÇÃO DE SUPERFÍCIES COM MOTONIVELADORA. AF_11/2019","SINAPI","M2",{"v":36163.32,"d":"36,163.32"},{"v":0.11,"d":"R$ 0.11"},{"v":0.02,"d":"R$ 0.02"},{"v":0.13,"d":"R$ 0.13"},{"v":4701.23,"d":"R$ 4,701.23"}]
["11.1.3","93594","TRANSPORTE COM CAMINHÃO BASCULANTE DE 10 M³, EM VIA URBANA EM LEITO NATURAL (UNIDADE: TXKM). AF_07/2020","SINAPI","TXKM",{"v":159697.22,"d":"159,697.22"},{"v":1.56,"d":"R$ 1.56"},{"v":0.3,"d":"R$ 0.30"},{"v":1.86,"d":"R$ 1.86"},{"v":297036.83,"d":"R$ 297,036.83"}]
["11.1.4","100576","REGULARIZAÇÃO E COMPACTAÇÃO DE SUBLEITO DE SOLO  PREDOMINANTEMENTE ARGILOSO. AF_11/2019","SINAPI","M2",{"v":36163.32,"d":"36,163.32"},{"v":2.21,"d":"R$ 2.21"},{"v":0.43,"d":"R$ 0.43"},{"v":2.64,"d":"R$ 2.64"},{"v":95471.16,"d":"R$ 95,471.16"}]
["11.2","PASSAGEM MOLHADA",{"$nulls":7},{"v":78656.48,"d":"R$ 78,656.48"}]
["11.2.1","90105","ESCAVAÇÃO MECANIZADA DE VALA COM PROFUNDIDADE ATÉ 1,5 M (MÉDIA MONTANTE E JUSANTE/UMA COMPOSIÇÃO POR TRECHO), RETROESCAV. (0,26 M3), LARGURA MENOR QUE 0,8 M, EM SOLO DE 1A CATEGORIA, LOCAIS COM BAIXO NÍVEL DE INTERFERÊNCIA. AF_02/2021","SINAPI","M3",25.85,{"v":7.01,"d":"R$ 7.01"},{"v":1.36,"d":"R$ 1.36"},{"v":8.37,"d":"R$ 8.37"},{"v":216.36,"d":"R$ 216.36"}]
["11.2.2","1506055","Pedra argamassada com cimento e areia 1:3 - areia e pedra de mão comercial - fornecimento e assentamento","SICRO NOVO","m³",{"v":41,"d":"41.00"},{"v":290.81,"d":"R$ 290.81"},{"v":56.42,"d":"R$ 56.42"},{"v":347.23,"d":"R$ 347.23"},{"v":14236.43,"d":"R$ 14,236.43"}]
["11.2.3","94304","ATERRO MECANIZADO DE VALA COM ESCAVADEIRA HIDRÁULICA (CAPACIDADE DA CAÇAMBA: 0,8 M³ / POTÊNCIA: 111 HP), LARGURA DE 1,5 A 2,5 M, PROFUNDIDADE ATÉ 1,5 M, COM SOLO ARGILO-ARENOSO. AF_05/2016","SINAPI","M3",{"v":79.1,"d":"79.10"},{"v":47.93,"d":"R$ 47.93"},{"v":9.3,"d":"R$ 9.30"},{"v":57.23,"d":"R$ 57.23"},{"v":4526.89,"d":"R$ 4,526.89"}]
["11.2.4","93594","TRANSPORTE COM CAMINHÃO BASCULANTE DE 10 M³, EM VIA URBANA EM LEITO NATURAL (UNIDADE: TXKM). AF_07/2020","SINAPI","TXKM",{"v":1746.53,"d":"1,746.53"},{"v":1.56,"d":"R$ 1.56"},{"v":0.3,"d":"R$ 0.30"},{"v":1.86,"d":"R$ 1.86"},{"v":3248.55,"d":"R$ 3,248.55"}]
["11.2.5","95241","LASTRO DE CONCRETO MAGRO, APLICADO EM PISOS, LAJES SOBRE SOLO OU RADIERS, ESPESSURA DE 5 CM. AF_07/2016","SINAPI","M2",{"v":216,"d":"216.00"},{"v":22.27,"d":"R$ 22.27"},{"v":4.32,"d":"R$ 4.32"},{"v":26.59,"d":"R$ 26.59"},{"v":5743.44,"d":"R$ 5,743.44"}]
["11.2.6","92431","MONTAGEM E DESMONTAGEM DE FÔRMA DE PILARES RETANGULARES E ESTRUTURAS SIMILARES, PÉ-DIREITO SIMPLES, EM CHAPA DE MADEIRA COMPENSADA PLASTIFICADA, 10 UTILIZAÇÕES. AF_09/2020","SINAPI","M2",{"v":25.2,"d":"25.20"},{"v":48.37,"d":"R$ 48.37"},{"v":9.38,"d":"R$ 9.38"},{"v":57.75,"d":"R$ 57.75"},{"v":1455.3,"d":"R$ 1,455.30"}]
["11.2.7","92916","ARMAÇÃO DE ESTRUTURAS DIVERSAS DE CONCRETO ARMADO, EXCETO VIGAS, PILARES, LAJES E FUNDAÇÕES, UTILIZANDO AÇO CA-50 DE 6,3 MM - MONTAGEM. AF_06/2022","SINAPI","KG",{"v":1071.78,"d":"1,071.78"},{"v":12.88,"d":"R$ 12.88"},{"v":2.5,"d":"R$ 2.50"},{"v":15.38,"d":"R$ 15.38"},{"v":16483.98,"d":"R$ 16,483.98"}]
["11.2.8","94966","CONCRETO FCK = 30MPA, TRAÇO 1:2,1:2,5 (EM MASSA SECA DE CIMENTO/ AREIA MÉDIA/ BRITA 1) - PREPARO MECÂNICO COM BETONEIRA 400 L. AF_05/2021","SINAPI","M3",{"v":32.4,"d":"32.40"},{"v":353.59,"d":"R$ 353.59"},{"v":68.6,"d":"R$ 68.60"},{"v":422.19,"d":"R$ 422.19"},{"v":13678.96,"d":"R$ 13,678.96"}]
["11.2.9","103670","LANÇAMENTO COM USO DE BALDES, ADENSAMENTO E ACABAMENTO DE CONCRETO EM ESTRUTURAS. AF_02/2022","SINAPI","M3",{"v":32.4,"d":"32.40"},{"v":223.14,"d":"R$ 223.14"},{"v":43.29,"d":"R$ 43.29"},{"v":266.43,"d":"R$ 266.43"},{"v":8632.33,"d":"R$ 8,632.33"}]
["11.2.10","CPU-0032","Balizadores em concreto armado com tubo de PVC 100mm, h=1,00m, enchimento em concreto 20 MPa, pintura esmalte sintético com aplicação de película reflet. lentes inclusas, inclusive, assentamento na passagem molhada.","Composições Próprias","und",{"v":72,"d":"72.00"},{"v":26.9,"d":"R$ 26.90"},{"v":5.22,"d":"R$ 5.22"},{"v":32.12,"d":"R$ 32.12"},{"v":2312.64,"d":"R$ 2,312.64"}]
["11.2.11","2003868","Lastro de pedra de mão ou rachão - espalhamento manual","SICRO NOVO","m³",{"v":72,"d":"72.00"},{"v":94.47,"d":"R$ 94.47"},{"v":18.33,"d":"R$ 18.33"},{"v":112.8,"d":"R$ 112.80"},{"v":8121.6,"d":"R$ 8,121.60"}]
["12","TRECHO - MOGEIRO A SIPUÁ",{"$nulls":7},{"v":375513.78,"d":"R$ 375,513.78"}]
["12.1","SERVIÇOS PRELIMINARES",{"$nulls":7},{"v":2507.16,"d":"R$ 2,507.16"}]
["12.1.1","99064","LOCAÇÃO DE PAVIMENTAÇÃO. AF_10/2018","SINAPI","M",{"v":358.4,"d":"358.40"},{"v":0.53,"d":"R$ 0.53"},{"v":0.1,"d":"R$ 0.10"},{"v":0.63,"d":"R$ 0.63"},{"v":225.79,"d":"R$ 225.79"}]
["12.1.2","98525","LIMPEZA MECANIZADA DE CAMADA VEGETAL, VEGETAÇÃO E PEQUENAS ÁRVORES (DIÂMETRO DE TRONCO MENOR QUE 0,20 M), COM TRATOR DE ESTEIRAS.AF_05/2018","SINAPI","M2",{"v":6003.6,"d":"6,003.60"},{"v":0.32,"d":"R$ 0.32"},{"v":0.06,"d":"R$ 0.06"},{"v":0.38,"d":"R$ 0.38"},{"v":2281.37,"d":"R$ 2,281.37"}]
["12.2","TERRAPLANAGEM",{"$nulls":7},{"v":90365.48,"d":"R$ 90,365.48"}]
["12.2.1","100575","REGULARIZAÇÃO DE SUPERFÍCIES COM MOTONIVELADORA. AF_11/2019","SINAPI","M2",{"v":17543.97,"d":"17,543.97"},{"v":0.11,"d":"R$ 0.11"},{"v":0.02,"d":"R$ 0.02"},{"v":0.13,"d":"R$ 0.13"},{"v":2280.72,"d":"R$ 2,280.72"}]
["12.2.2","93594","TRANSPORTE COM CAMINHÃO BASCULANTE DE 10 M³, EM VIA URBANA EM LEITO NATURAL (UNIDADE: TXKM). AF_07/2020","SINAPI","TXKM",{"v":22456.28,"d":"22,456.28"},{"v":1.56,"d":"R$ 1.56"},{"v":0.3,"d":"R$ 0.30"},{"v":1.86,"d":"R$ 1.86"},{"v":41768.68,"d":"R$ 41,768.68"}]
["12.2.3","100576","REGULARIZAÇÃO E COMPACTAÇÃO DE SUBLEITO DE SOLO  PREDOMINANTEMENTE ARGILOSO. AF_11/2019","SINAPI","M2",{"v":17543.97,"d":"17,543.97"},{"v":2.21,"d":"R$ 2.21"},{"v":0.43,"d":"R$ 0.43"},{"v":2.64,"d":"R$ 2.64"},{"v":46316.08,"d":"R$ 46,316.08"}]
["12.3","PAVIMENTAÇÃO",{"$nulls":7},{"v":180523.27,"d":"R$ 180,523.27"}]
["12.3.1","04.910.02 - (DER-PB)","FORNECIMENTO E APLICAÇÃO DE MEIO FIO EM PEDRA GRANITICA","Composições Próprias","M",{"v":722.8,"d":"722.80"},{"v":20.73,"d":"R$ 20.73"},{"v":4.02,"d":"R$ 4.02"},{"v":24.75,"d":"R$ 24.75"},{"v":17889.3,"d":"R$ 17,889.30"}]
["12.3.2","101169","EXECUÇÃO DE PAVIMENTO EM PARALELEPÍPEDOS, REJUNTAMENTO COM ARGAMASSA TRAÇO 1:3 (CIMENTO E AREIA). AF_05/2020","SINAPI","M2",{"v":2053.2,"d":"2,053.20"},{"v":66.34,"d":"R$ 66.34"},{"v":12.87,"d":"R$ 12.87"},{"v":79.21,"d":"R$ 79.21"},{"v":162633.97,"d":"R$ 162,633.97"}]
["12.4","SINALIZAÇÃO VIÁRIA",{"$nulls":7},{"v":931.84,"d":"R$ 931.84"}]
["12.4.1","102498","PINTURA DE MEIO-FIO COM TINTA BRANCA A BASE DE CAL (CAIAÇÃO). AF_05/2021","SINAPI","M",{"v":716.8,"d":"716.80"},{"v":1.09,"d":"R$ 1.09"},{"v":0.21,"d":"R$ 0.21"},{"v":1.3,"d":"R$ 1.30"},{"v":931.84,"d":"R$ 931.84"}]
["12.5","PASSAGEM MOLHADA",{"$nulls":7},{"v":101186.03,"d":"R$ 101,186.03"}]
["12.5.1","90105","ESCAVAÇÃO MECANIZADA DE VALA COM PROFUNDIDADE ATÉ 1,5 M (MÉDIA MONTANTE E JUSANTE/UMA COMPOSIÇÃO POR TRECHO), RETROESCAV. (0,26 M3), LARGURA MENOR QUE 0,8 M, EM SOLO DE 1A CATEGORIA, LOCAIS COM BAIXO NÍVEL DE INTERFERÊNCIA. AF_02/2021","SINAPI","M3",40.39,{"v":7.01,"d":"R$ 7.01"},{"v":1.36,"d":"R$ 1.36"},{"v":8.37,"d":"R$ 8.37"},{"v":338.06,"d":"R$ 338.06"}]
["12.5.2","1506055","Pedra argamassada com cimento e areia 1:3 - areia e pedra de mão comercial - fornecimento e assentamento","SICRO NOVO","m³",46.62,{"v":290.81,"d":"R$ 290.81"},{"v":56.42,"d":"R$ 56.42"},{"v":347.23,"d":"R$ 347.23"},{"v":16187.86,"d":"R$ 16,187.86"}]
["12.5.3","94304","ATERRO MECANIZADO DE VALA COM ESCAVADEIRA HIDRÁULICA (CAPACIDADE DA CAÇAMBA: 0,8 M³ / POTÊNCIA: 111 HP), LARGURA DE 1,5 A 2,5 M, PROFUNDIDADE ATÉ 1,5 M, COM SOLO ARGILO-ARENOSO. AF_05/2016","SINAPI","M3",31.15,{"v":47.93,"d":"R$ 47.93"},{"v":9.3,"d":"R$ 9.30"},{"v":57.23,"d":"R$ 57.23"},{"v":1782.71,"d":"R$ 1,782.71"}]
["12.5.4","93594","TRANSPORTE COM CAMINHÃO BASCULANTE DE 10 M³, EM VIA URBANA EM LEITO NATURAL (UNIDADE: TXKM). AF_07/2020","SINAPI","TXKM",212.16,{"v":1.56,"d":"R$ 1.56"},{"v":0.3,"d":"R$ 0.30"},{"v":1.86,"d":"R$ 1.86"},{"v":394.62,"d":"R$ 394.62"}]
["12.5.5","95241","LASTRO DE CONCRETO MAGRO, APLICADO EM PISOS, LAJES SOBRE SOLO OU RADIERS, ESPESSURA DE 5 CM. AF_07/2016","SINAPI","M2",{"v":369.6,"d":"369.60"},{"v":22.27,"d":"R$ 22.27"},{"v":4.32,"d":"R$ 4.32"},{"v":26.59,"d":"R$ 26.59"},{"v":9827.66,"d":"R$ 9,827.66"}]
["12.5.6","92431","MONTAGEM E DESMONTAGEM DE FÔRMA DE PILARES RETANGULARES E ESTRUTURAS SIMILARES, PÉ-DIREITO SIMPLES, EM CHAPA DE MADEIRA COMPENSADA PLASTIFICADA, 10 UTILIZAÇÕES. AF_09/2020","SINAPI","M2",40.56,{"v":48.37,"d":"R$ 48.37"},{"v":9.38,"d":"R$ 9.38"},{"v":57.75,"d":"R$ 57.75"},{"v":2342.34,"d":"R$ 2,342.34"}]
["12.5.7","92916","ARMAÇÃO DE ESTRUTURAS DIVERSAS DE CONCRETO ARMADO, EXCETO VIGAS, PILARES, LAJES E FUNDAÇÕES, UTILIZANDO AÇO CA-50 DE 6,3 MM - MONTAGEM. AF_06/2022","SINAPI","KG",{"v":1832.57,"d":"1,832.57"},{"v":12.88,"d":"R$ 12.88"},{"v":2.5,"d":"R$ 2.50"},{"v":15.38,"d":"R$ 15.38"},{"v":28184.93,"d":"R$ 28,184.93"}]
["12.5.8","94966","CONCRETO FCK = 30MPA, TRAÇO 1:2,1:2,5 (EM MASSA SECA DE CIMENTO/ AREIA MÉDIA/ BRITA 1) - PREPARO MECÂNICO COM BETONEIRA 400 L. AF_05/2021","SINAPI","M3",55.44,{"v":353.59,"d":"R$ 353.59"},{"v":68.6,"d":"R$ 68.60"},{"v":422.19,"d":"R$ 422.19"},{"v":23406.21,"d":"R$ 23,406.21"}]
["12.5.9","103670","LANÇAMENTO COM USO DE BALDES, ADENSAMENTO E ACABAMENTO DE CONCRETO EM ESTRUTURAS. AF_02/2022","SINAPI","M3",55.44,{"v":223.14,"d":"R$ 223.14"},{"v":43.29,"d":"R$ 43.29"},{"v":266.43,"d":"R$ 266.43"},{"v":14770.88,"d":"R$ 14,770.88"}]
["12.5.10","CPU-0032","Balizadores em concreto armado com tubo de PVC 100mm, h=1,00m, enchimento em concreto 20 MPa, pintura esmalte sintético com aplicação de película reflet. lentes inclusas, inclusive, assentamento na passagem molhada.","Composições Próprias","und",{"v":123,"d":"123.00"},{"v":26.9,"d":"R$ 26.90"},{"v":5.22,"d":"R$ 5.22"},{"v":32.12,"d":"R$ 32.12"},{"v":3950.76,"d":"R$ 3,950.76"}]
["13","TRECHO - PB066/ NOGUEIRA",{"$nulls":7},{"v":654992.7,"d":"R$ 654,992.70"}]
["13.1","SERVIÇOS PRELIMINARES",{"$nulls":7},{"v":4369.63,"d":"R$ 4,369.63"}]
["13.1.1","99064","LOCAÇÃO DE PAVIMENTAÇÃO. AF_10/2018","SINAPI","M",629.02,{"v":0.53,"d":"R$ 0.53"},{"v":0.1,"d":"R$ 0.10"},{"v":0.63,"d":"R$ 0.63"},{"v":396.28,"d":"R$ 396.28"}]
["13.1.2","98525","LIMPEZA MECANIZADA DE CAMADA VEGETAL, VEGETAÇÃO E PEQUENAS ÁRVORES (DIÂMETRO DE TRONCO MENOR QUE 0,20 M), COM TRATOR DE ESTEIRAS.AF_05/2018","SINAPI","M2",{"v":10456.18,"d":"10,456.18"},{"v":0.32,"d":"R$ 0.32"},{"v":0.06,"d":"R$ 0.06"},{"v":0.38,"d":"R$ 0.38"},{"v":3973.35,"d":"R$ 3,973.35"}]
["13.2","TERRAPLANAGEM",{"$nulls":7},{"v":177264.49,"d":"R$ 177,264.49"}]
["13.2.1","100575","REGULARIZAÇÃO DE SUPERFÍCIES COM MOTONIVELADORA. AF_11/2019","SINAPI","M2",{"v":29622.68,"d":"29,622.68"},{"v":0.11,"d":"R$ 0.11"},{"v":0.02,"d":"R$ 0.02"},{"v":0.13,"d":"R$ 0.13"},{"v":3850.95,"d":"R$ 3,850.95"}]
["13.2.2","93594","TRANSPORTE COM CAMINHÃO BASCULANTE DE 10 M³, EM VIA URBANA EM LEITO NATURAL (UNIDADE: TXKM). AF_07/2020","SINAPI","TXKM",{"v":51187.99,"d":"51,187.99"},{"v":1.56,"d":"R$ 1.56"},{"v":0.3,"d":"R$ 0.30"},{"v":1.86,"d":"R$ 1.86"},{"v":95209.66,"d":"R$ 95,209.66"}]
["13.2.3","100576","REGULARIZAÇÃO E COMPACTAÇÃO DE SUBLEITO DE SOLO  PREDOMINANTEMENTE ARGILOSO. AF_11/2019","SINAPI","M2",{"v":29622.68,"d":"29,622.68"},{"v":2.21,"d":"R$ 2.21"},{"v":0.43,"d":"R$ 0.43"},{"v":2.64,"d":"R$ 2.64"},{"v":78203.88,"d":"R$ 78,203.88"}]
["13.3","PAVIMENTAÇÃO",{"$nulls":7},{"v":331886.88,"d":"R$ 331,886.88"}]
["13.3.1","04.910.02 - (DER-PB)","FORNECIMENTO E APLICAÇÃO DE MEIO FIO EM PEDRA GRANITICA","Composições Próprias","M",{"v":1284.04,"d":"1,284.04"},{"v":20.73,"d":"R$ 20.73"},{"v":4.02,"d":"R$ 4.02"},{"v":24.75,"d":"R$ 24.75"},{"v":31779.99,"d":"R$ 31,779.99"}]
["13.3.2","101169","EXECUÇÃO DE PAVIMENTO EM PARALELEPÍPEDOS, REJUNTAMENTO COM ARGAMASSA TRAÇO 1:3 (CIMENTO E AREIA). AF_05/2020","SINAPI","M2",{"v":3788.75,"d":"3,788.75"},{"v":66.34,"d":"R$ 66.34"},{"v":12.87,"d":"R$ 12.87"},{"v":79.21,"d":"R$ 79.21"},{"v":300106.89,"d":"R$ 300,106.89"}]
["13.4","SINALIZAÇÃO VIÁRIA",{"$nulls":7},{"v":1635.45,"d":"R$ 1,635.45"}]
["13.4.1","102498","PINTURA DE MEIO-FIO COM TINTA BRANCA A BASE DE CAL (CAIAÇÃO). AF_05/2021","SINAPI","M",{"v":1258.04,"d":"1,258.04"},{"v":1.09,"d":"R$ 1.09"},{"v":0.21,"d":"R$ 0.21"},{"v":1.3,"d":"R$ 1.30"},{"v":1635.45,"d":"R$ 1,635.45"}]
["13.5","PASSAGEM MOLHADA",{"$nulls":7},{"v":139836.25,"d":"R$ 139,836.25"}]
["13.5.1","90105","ESCAVAÇÃO MECANIZADA DE VALA COM PROFUNDIDADE ATÉ 1,5 M (MÉDIA MONTANTE E JUSANTE/UMA COMPOSIÇÃO POR TRECHO), RETROESCAV. (0,26 M3), LARGURA MENOR QUE 0,8 M, EM SOLO DE 1A CATEGORIA, LOCAIS COM BAIXO NÍVEL DE INTERFERÊNCIA. AF_02/2021","SINAPI","M3",64.49,{"v":7.01,"d":"R$ 7.01"},{"v":1.36,"d":"R$ 1.36"},{"v":8.37,"d":"R$ 8.37"},{"v":539.78,"d":"R$ 539.78"}]
["13.5.2","1506055","Pedra argamassada com cimento e areia 1:3 - areia e pedra de mão comercial - fornecimento e assentamento","SICRO NOVO","m³",121.71,{"v":290.81,"d":"R$ 290.81"},{"v":56.42,"d":"R$ 56.42"},{"v":347.23,"d":"R$ 347.23"},{"v":42261.36,"d":"R$ 42,261.36"}]
["13.5.3","94304","ATERRO MECANIZADO DE VALA COM ESCAVADEIRA HIDRÁULICA (CAPACIDADE DA CAÇAMBA: 0,8 M³ / POTÊNCIA: 111 HP), LARGURA DE 1,5 A 2,5 M, PROFUNDIDADE ATÉ 1,5 M, COM SOLO ARGILO-ARENOSO. AF_05/2016","SINAPI","M3",122.35,{"v":47.93,"d":"R$ 47.93"},{"v":9.3,"d":"R$ 9.30"},{"v":57.23,"d":"R$ 57.23"},{"v":7002.09,"d":"R$ 7,002.09"}]
["13.5.4","93594","TRANSPORTE COM CAMINHÃO BASCULANTE DE 10 M³, EM VIA URBANA EM LEITO NATURAL (UNIDADE: TXKM). AF_07/2020","SINAPI","TXKM",{"v":1057.1,"d":"1,057.10"},{"v":1.56,"d":"R$ 1.56"},{"v":0.3,"d":"R$ 0.30"},{"v":1.86,"d":"R$ 1.86"},{"v":1966.21,"d":"R$ 1,966.21"}]
["13.5.5","95241","LASTRO DE CONCRETO MAGRO, APLICADO EM PISOS, LAJES SOBRE SOLO OU RADIERS, ESPESSURA DE 5 CM. AF_07/2016","SINAPI","M2",{"v":240,"d":"240.00"},{"v":22.27,"d":"R$ 22.27"},{"v":4.32,"d":"R$ 4.32"},{"v":26.59,"d":"R$ 26.59"},{"v":6381.6,"d":"R$ 6,381.60"}]
["13.5.6","92431","MONTAGEM E DESMONTAGEM DE FÔRMA DE PILARES RETANGULARES E ESTRUTURAS SIMILARES, PÉ-DIREITO SIMPLES, EM CHAPA DE MADEIRA COMPENSADA PLASTIFICADA, 10 UTILIZAÇÕES. AF_09/2020","SINAPI","M2",{"v":27.6,"d":"27.60"},{"v":48.37,"d":"R$ 48.37"},{"v":9.38,"d":"R$ 9.38"},{"v":57.75,"d":"R$ 57.75"},{"v":1593.9,"d":"R$ 1,593.90"}]
["13.5.7","92916","ARMAÇÃO DE ESTRUTURAS DIVERSAS DE CONCRETO ARMADO, EXCETO VIGAS, PILARES, LAJES E FUNDAÇÕES, UTILIZANDO AÇO CA-50 DE 6,3 MM - MONTAGEM. AF_06/2022","SINAPI","KG",{"v":1116.35,"d":"1,116.35"},{"v":12.88,"d":"R$ 12.88"},{"v":2.5,"d":"R$ 2.50"},{"v":15.38,"d":"R$ 15.38"},{"v":17169.46,"d":"R$ 17,169.46"}]
["13.5.8","94966","CONCRETO FCK = 30MPA, TRAÇO 1:2,1:2,5 (EM MASSA SECA DE CIMENTO/ AREIA MÉDIA/ BRITA 1) - PREPARO MECÂNICO COM BETONEIRA 400 L. AF_05/2021","SINAPI","M3",36.15,{"v":353.59,"d":"R$ 353.59"},{"v":68.6,"d":"R$ 68.60"},{"v":422.19,"d":"R$ 422.19"},{"v":15262.17,"d":"R$ 15,262.17"}]
["13.5.9","103670","LANÇAMENTO COM USO DE BALDES, ADENSAMENTO E ACABAMENTO DE CONCRETO EM ESTRUTURAS. AF_02/2022","SINAPI","M3",36.15,{"v":223.14,"d":"R$ 223.14"},{"v":43.29,"d":"R$ 43.29"},{"v":266.43,"d":"R$ 266.43"},{"v":9631.44,"d":"R$ 9,631.44"}]
["13.5.10","CPU-0032","Balizadores em concreto armado com tubo de PVC 100mm, h=1,00m, enchimento em concreto 20 MPa, pintura esmalte sintético com aplicação de película reflet. lentes inclusas, inclusive, assentamento na passagem molhada.","Composições Próprias","und",{"v":138,"d":"138.00"},{"v":26.9,"d":"R$ 26.90"},{"v":5.22,"d":"R$ 5.22"},{"v":32.12,"d":"R$ 32.12"},{"v":4432.56,"d":"R$ 4,432.56"}]
["13.5.11","2003868","Lastro de pedra de mão ou rachão - espalhamento manual","SICRO NOVO","m³",{"v":140,"d":"140.00"},{"v":94.47,"d":"R$ 94.47"},{"v":18.33,"d":"R$ 18.33"},{"v":112.8,"d":"R$ 112.80"},{"v":15792,"d":"R$ 15,792.00"}]
["13.5.12","94992","EXECUÇÃO DE PASSEIO (CALÇADA) OU PISO DE CONCRETO COM CONCRETO MOLDADO IN LOCO, FEITO EM OBRA, ACABAMENTO CONVENCIONAL, ESPESSURA 6 CM, ARMADO. AF_08/2022","SINAPI","M2",{"v":180,"d":"180.00"},{"v":54.14,"d":"R$ 54.14"},{"v":10.5,"d":"R$ 10.50"},{"v":64.64,"d":"R$ 64.64"},{"v":11635.2,"d":"R$ 11,635.20"}]
["13.5.13","92811","ASSENTAMENTO DE TUBO DE CONCRETO PARA REDES COLETORAS DE ÁGUAS PLUVIAIS, DIÂMETRO DE 600 MM, JUNTA RÍGIDA, INSTALADO EM LOCAL COM BAIXO NÍVEL DE INTERFERÊNCIAS (NÃO INCLUI FORNECIMENTO). AF_12/2015","SINAPI","M",{"v":24,"d":"24.00"},{"v":65.07,"d":"R$ 65.07"},{"v":12.62,"d":"R$ 12.62"},{"v":77.69,"d":"R$ 77.69"},{"v":1864.56,"d":"R$ 1,864.56"}]
["13.5.14","00007725","TUBO DE CONCRETO ARMADO PARA AGUAS PLUVIAIS, CLASSE PA-1, COM ENCAIXE PONTA E BOLSA, DIAMETRO NOMINAL DE = 600 MM","SINAPI","M",{"v":24,"d":"24.00"},{"v":150.19,"d":"R$ 150.19"},{"v":29.14,"d":"R$ 29.14"},{"v":179.33,"d":"R$ 179.33"},{"v":4303.92,"d":"R$ 4,303.92"}]
["14","TRECHO - MOGEIRO/FERNANDES",{"$nulls":7},{"v":154298.24,"d":"R$ 154,298.24"}]
["14.1","TERRAPLANAGEM",{"$nulls":7},{"v":154298.24,"d":"R$ 154,298.24"}]
["14.1.1","98525","LIMPEZA MECANIZADA DE CAMADA VEGETAL, VEGETAÇÃO E PEQUENAS ÁRVORES (DIÂMETRO DE TRONCO MENOR QUE 0,20 M), COM TRATOR DE ESTEIRAS.AF_05/2018","SINAPI","M2",{"v":9066.7,"d":"9,066.70"},{"v":0.32,"d":"R$ 0.32"},{"v":0.06,"d":"R$ 0.06"},{"v":0.38,"d":"R$ 0.38"},{"v":3445.35,"d":"R$ 3,445.35"}]
["14.1.2","100575","REGULARIZAÇÃO DE SUPERFÍCIES COM MOTONIVELADORA. AF_11/2019","SINAPI","M2",{"v":25984.39,"d":"25,984.39"},{"v":0.11,"d":"R$ 0.11"},{"v":0.02,"d":"R$ 0.02"},{"v":0.13,"d":"R$ 0.13"},{"v":3377.97,"d":"R$ 3,377.97"}]
["14.1.3","93594","TRANSPORTE COM CAMINHÃO BASCULANTE DE 10 M³, EM VIA URBANA EM LEITO NATURAL (UNIDADE: TXKM). AF_07/2020","SINAPI","TXKM",{"v":42406.52,"d":"42,406.52"},{"v":1.56,"d":"R$ 1.56"},{"v":0.3,"d":"R$ 0.30"},{"v":1.86,"d":"R$ 1.86"},{"v":78876.13,"d":"R$ 78,876.13"}]
["14.1.4","100576","REGULARIZAÇÃO E COMPACTAÇÃO DE SUBLEITO DE SOLO  PREDOMINANTEMENTE ARGILOSO. AF_11/2019","SINAPI","M2",{"v":25984.39,"d":"25,984.39"},{"v":2.21,"d":"R$ 2.21"},{"v":0.43,"d":"R$ 0.43"},{"v":2.64,"d":"R$ 2.64"},{"v":68598.79,"d":"R$ 68,598.79"}]
["15","TRECHO - CAMURIM/ AREIAL",{"$nulls":7},{"v":205391.95,"d":"R$ 205,391.95"}]
["15.1","TERRAPLANAGEM",{"$nulls":7},{"v":144056.37,"d":"R$ 144,056.37"}]
["15.1.1","98525","LIMPEZA MECANIZADA DE CAMADA VEGETAL, VEGETAÇÃO E PEQUENAS ÁRVORES (DIÂMETRO DE TRONCO MENOR QUE 0,20 M), COM TRATOR DE ESTEIRAS.AF_05/2018","SINAPI","M2",{"v":9441.64,"d":"9,441.64"},{"v":0.32,"d":"R$ 0.32"},{"v":0.06,"d":"R$ 0.06"},{"v":0.38,"d":"R$ 0.38"},{"v":3587.82,"d":"R$ 3,587.82"}]
["15.1.2","100575","REGULARIZAÇÃO DE SUPERFÍCIES COM MOTONIVELADORA. AF_11/2019","SINAPI","M2",{"v":27719.65,"d":"27,719.65"},{"v":0.11,"d":"R$ 0.11"},{"v":0.02,"d":"R$ 0.02"},{"v":0.13,"d":"R$ 0.13"},{"v":3603.55,"d":"R$ 3,603.55"}]
["15.1.3","93594","TRANSPORTE COM CAMINHÃO BASCULANTE DE 10 M³, EM VIA URBANA EM LEITO NATURAL (UNIDADE: TXKM). AF_07/2020","SINAPI","TXKM",{"v":34239.31,"d":"34,239.31"},{"v":1.56,"d":"R$ 1.56"},{"v":0.3,"d":"R$ 0.30"},{"v":1.86,"d":"R$ 1.86"},{"v":63685.12,"d":"R$ 63,685.12"}]
["15.1.4","100576","REGULARIZAÇÃO E COMPACTAÇÃO DE SUBLEITO DE SOLO  PREDOMINANTEMENTE ARGILOSO. AF_11/2019","SINAPI","M2",{"v":27719.65,"d":"27,719.65"},{"v":2.21,"d":"R$ 2.21"},{"v":0.43,"d":"R$ 0.43"},{"v":2.64,"d":"R$ 2.64"},{"v":73179.88,"d":"R$ 73,179.88"}]
["15.2","PASSAGEM MOLHADA",{"$nulls":7},{"v":61335.58,"d":"R$ 61,335.58"}]
["15.2.1","90105","ESCAVAÇÃO MECANIZADA DE VALA COM PROFUNDIDADE ATÉ 1,5 M (MÉDIA MONTANTE E JUSANTE/UMA COMPOSIÇÃO POR TRECHO), RETROESCAV. (0,26 M3), LARGURA MENOR QUE 0,8 M, EM SOLO DE 1A CATEGORIA, LOCAIS COM BAIXO NÍVEL DE INTERFERÊNCIA. AF_02/2021","SINAPI","M3",22.34,{"v":7.01,"d":"R$ 7.01"},{"v":1.36,"d":"R$ 1.36"},{"v":8.37,"d":"R$ 8.37"},{"v":186.99,"d":"R$ 186.99"}]
["15.2.2","1506055","Pedra argamassada com cimento e areia 1:3 - areia e pedra de mão comercial - fornecimento e assentamento","SICRO NOVO","m³",28.16,{"v":290.81,"d":"R$ 290.81"},{"v":56.42,"d":"R$ 56.42"},{"v":347.23,"d":"R$ 347.23"},{"v":9778,"d":"R$ 9,778.00"}]
["15.2.3","94304","ATERRO MECANIZADO DE VALA COM ESCAVADEIRA HIDRÁULICA (CAPACIDADE DA CAÇAMBA: 0,8 M³ / POTÊNCIA: 111 HP), LARGURA DE 1,5 A 2,5 M, PROFUNDIDADE ATÉ 1,5 M, COM SOLO ARGILO-ARENOSO. AF_05/2016","SINAPI","M3",52.05,{"v":47.93,"d":"R$ 47.93"},{"v":9.3,"d":"R$ 9.30"},{"v":57.23,"d":"R$ 57.23"},{"v":2978.82,"d":"R$ 2,978.82"}]
["15.2.4","93594","TRANSPORTE COM CAMINHÃO BASCULANTE DE 10 M³, EM VIA URBANA EM LEITO NATURAL (UNIDADE: TXKM). AF_07/2020","SINAPI","TXKM",321.46,{"v":1.56,"d":"R$ 1.56"},{"v":0.3,"d":"R$ 0.30"},{"v":1.86,"d":"R$ 1.86"},{"v":597.92,"d":"R$ 597.92"}]
["15.2.5","95241","LASTRO DE CONCRETO MAGRO, APLICADO EM PISOS, LAJES SOBRE SOLO OU RADIERS, ESPESSURA DE 5 CM. AF_07/2016","SINAPI","M2",{"v":180,"d":"180.00"},{"v":22.27,"d":"R$ 22.27"},{"v":4.32,"d":"R$ 4.32"},{"v":26.59,"d":"R$ 26.59"},{"v":4786.2,"d":"R$ 4,786.20"}]
["15.2.6","92431","MONTAGEM E DESMONTAGEM DE FÔRMA DE PILARES RETANGULARES E ESTRUTURAS SIMILARES, PÉ-DIREITO SIMPLES, EM CHAPA DE MADEIRA COMPENSADA PLASTIFICADA, 10 UTILIZAÇÕES. AF_09/2020","SINAPI","M2",{"v":33.7,"d":"33.70"},{"v":48.37,"d":"R$ 48.37"},{"v":9.38,"d":"R$ 9.38"},{"v":57.75,"d":"R$ 57.75"},{"v":1946.18,"d":"R$ 1,946.18"}]
["15.2.7","92916","ARMAÇÃO DE ESTRUTURAS DIVERSAS DE CONCRETO ARMADO, EXCETO VIGAS, PILARES, LAJES E FUNDAÇÕES, UTILIZANDO AÇO CA-50 DE 6,3 MM - MONTAGEM. AF_06/2022","SINAPI","KG",893.46,{"v":12.88,"d":"R$ 12.88"},{"v":2.5,"d":"R$ 2.50"},{"v":15.38,"d":"R$ 15.38"},{"v":13741.41,"d":"R$ 13,741.41"}]
["15.2.8","94966","CONCRETO FCK = 30MPA, TRAÇO 1:2,1:2,5 (EM MASSA SECA DE CIMENTO/ AREIA MÉDIA/ BRITA 1) - PREPARO MECÂNICO COM BETONEIRA 400 L. AF_05/2021","SINAPI","M3",{"v":27,"d":"27.00"},{"v":353.59,"d":"R$ 353.59"},{"v":68.6,"d":"R$ 68.60"},{"v":422.19,"d":"R$ 422.19"},{"v":11399.13,"d":"R$ 11,399.13"}]
["15.2.9","103670","LANÇAMENTO COM USO DE BALDES, ADENSAMENTO E ACABAMENTO DE CONCRETO EM ESTRUTURAS. AF_02/2022","SINAPI","M3",{"v":27,"d":"27.00"},{"v":223.14,"d":"R$ 223.14"},{"v":43.29,"d":"R$ 43.29"},{"v":266.43,"d":"R$ 266.43"},{"v":7193.61,"d":"R$ 7,193.61"}]
["15.2.10","CPU-0032","Balizadores em concreto armado com tubo de PVC 100mm, h=1,00m, enchimento em concreto 20 MPa, pintura esmalte sintético com aplicação de película reflet. lentes inclusas, inclusive, assentamento na passagem molhada.","Composições Próprias","und",{"v":61,"d":"61.00"},{"v":26.9,"d":"R$ 26.90"},{"v":5.22,"d":"R$ 5.22"},{"v":32.12,"d":"R$ 32.12"},{"v":1959.32,"d":"R$ 1,959.32"}]
["15.2.11","2003868","Lastro de pedra de mão ou rachão - espalhamento manual","SICRO NOVO","m³",{"v":60,"d":"60.00"},{"v":94.47,"d":"R$ 94.47"},{"v":18.33,"d":"R$ 18.33"},{"v":112.8,"d":"R$ 112.80"},{"v":6768,"d":"R$ 6,768.00"}]
["16","TRECHO - BENTA HORA/ GUARAREMA",{"$nulls":7},{"v":154684.07,"d":"R$ 154,684.07"}]
["16.1","TERRAPLANAGEM",{"$nulls":7},{"v":49175.32,"d":"R$ 49,175.32"}]
["16.1.1","98525","LIMPEZA MECANIZADA DE CAMADA VEGETAL, VEGETAÇÃO E PEQUENAS ÁRVORES (DIÂMETRO DE TRONCO MENOR QUE 0,20 M), COM TRATOR DE ESTEIRAS.AF_05/2018","SINAPI","M2",{"v":4860.4,"d":"4,860.40"},{"v":0.32,"d":"R$ 0.32"},{"v":0.06,"d":"R$ 0.06"},{"v":0.38,"d":"R$ 0.38"},{"v":1846.95,"d":"R$ 1,846.95"}]
["16.1.2","100575","REGULARIZAÇÃO DE SUPERFÍCIES COM MOTONIVELADORA. AF_11/2019","SINAPI","M2",{"v":12132.74,"d":"12,132.74"},{"v":0.11,"d":"R$ 0.11"},{"v":0.02,"d":"R$ 0.02"},{"v":0.13,"d":"R$ 0.13"},{"v":1577.26,"d":"R$ 1,577.26"}]
["16.1.3","93594","TRANSPORTE COM CAMINHÃO BASCULANTE DE 10 M³, EM VIA URBANA EM LEITO NATURAL (UNIDADE: TXKM). AF_07/2020","SINAPI","TXKM",{"v":7376.71,"d":"7,376.71"},{"v":1.56,"d":"R$ 1.56"},{"v":0.3,"d":"R$ 0.30"},{"v":1.86,"d":"R$ 1.86"},{"v":13720.68,"d":"R$ 13,720.68"}]
["16.1.4","100576","REGULARIZAÇÃO E COMPACTAÇÃO DE SUBLEITO DE SOLO  PREDOMINANTEMENTE ARGILOSO. AF_11/2019","SINAPI","M2",{"v":12132.74,"d":"12,132.74"},{"v":2.21,"d":"R$ 2.21"},{"v":0.43,"d":"R$ 0.43"},{"v":2.64,"d":"R$ 2.64"},{"v":32030.43,"d":"R$ 32,030.43"}]
["16.2","PASSAGEM MOLHADA",{"$nulls":7},{"v":105508.75,"d":"R$ 105,508.75"}]
["16.2.1","90105","ESCAVAÇÃO MECANIZADA DE VALA COM PROFUNDIDADE ATÉ 1,5 M (MÉDIA MONTANTE E JUSANTE/UMA COMPOSIÇÃO POR TRECHO), RETROESCAV. (0,26 M3), LARGURA MENOR QUE 0,8 M, EM SOLO DE 1A CATEGORIA, LOCAIS COM BAIXO NÍVEL DE INTERFERÊNCIA. AF_02/2021","SINAPI","M3",53.58,{"v":7.01,"d":"R$ 7.01"},{"v":1.36,"d":"R$ 1.36"},{"v":8.37,"d":"R$ 8.37"},{"v":448.46,"d":"R$ 448.46"}]
["16.2.2","1506055","Pedra argamassada com cimento e areia 1:3 - areia e pedra de mão comercial - fornecimento e assentamento","SICRO NOVO","m³",{"v":61.9,"d":"61.90"},{"v":290.81,"d":"R$ 290.81"},{"v":56.42,"d":"R$ 56.42"},{"v":347.23,"d":"R$ 347.23"},{"v":21493.54,"d":"R$ 21,493.54"}]
["16.2.3","94304","ATERRO MECANIZADO DE VALA COM ESCAVADEIRA HIDRÁULICA (CAPACIDADE DA CAÇAMBA: 0,8 M³ / POTÊNCIA: 111 HP), LARGURA DE 1,5 A 2,5 M, PROFUNDIDADE ATÉ 1,5 M, COM SOLO ARGILO-ARENOSO. AF_05/2016","SINAPI","M3",43.56,{"v":47.93,"d":"R$ 47.93"},{"v":9.3,"d":"R$ 9.30"},{"v":57.23,"d":"R$ 57.23"},{"v":2492.94,"d":"R$ 2,492.94"}]
["16.2.4","93594","TRANSPORTE COM CAMINHÃO BASCULANTE DE 10 M³, EM VIA URBANA EM LEITO NATURAL (UNIDADE: TXKM). AF_07/2020","SINAPI","TXKM",132.42,{"v":1.56,"d":"R$ 1.56"},{"v":0.3,"d":"R$ 0.30"},{"v":1.86,"d":"R$ 1.86"},{"v":246.3,"d":"R$ 246.30"}]
["16.2.5","95241","LASTRO DE CONCRETO MAGRO, APLICADO EM PISOS, LAJES SOBRE SOLO OU RADIERS, ESPESSURA DE 5 CM. AF_07/2016","SINAPI","M2",{"v":343,"d":"343.00"},{"v":22.27,"d":"R$ 22.27"},{"v":4.32,"d":"R$ 4.32"},{"v":26.59,"d":"R$ 26.59"},{"v":9120.37,"d":"R$ 9,120.37"}]
["16.2.6","92431","MONTAGEM E DESMONTAGEM DE FÔRMA DE PILARES RETANGULARES E ESTRUTURAS SIMILARES, PÉ-DIREITO SIMPLES, EM CHAPA DE MADEIRA COMPENSADA PLASTIFICADA, 10 UTILIZAÇÕES. AF_09/2020","SINAPI","M2",{"v":43.2,"d":"43.20"},{"v":48.37,"d":"R$ 48.37"},{"v":9.38,"d":"R$ 9.38"},{"v":57.75,"d":"R$ 57.75"},{"v":2494.8,"d":"R$ 2,494.80"}]
["16.2.7","92916","ARMAÇÃO DE ESTRUTURAS DIVERSAS DE CONCRETO ARMADO, EXCETO VIGAS, PILARES, LAJES E FUNDAÇÕES, UTILIZANDO AÇO CA-50 DE 6,3 MM - MONTAGEM. AF_06/2022","SINAPI","KG",{"v":1703.62,"d":"1,703.62"},{"v":12.88,"d":"R$ 12.88"},{"v":2.5,"d":"R$ 2.50"},{"v":15.38,"d":"R$ 15.38"},{"v":26201.68,"d":"R$ 26,201.68"}]
["16.2.8","94966","CONCRETO FCK = 30MPA, TRAÇO 1:2,1:2,5 (EM MASSA SECA DE CIMENTO/ AREIA MÉDIA/ BRITA 1) - PREPARO MECÂNICO COM BETONEIRA 400 L. AF_05/2021","SINAPI","M3",51.45,{"v":353.59,"d":"R$ 353.59"},{"v":68.6,"d":"R$ 68.60"},{"v":422.19,"d":"R$ 422.19"},{"v":21721.68,"d":"R$ 21,721.68"}]
["16.2.9","103670","LANÇAMENTO COM USO DE BALDES, ADENSAMENTO E ACABAMENTO DE CONCRETO EM ESTRUTURAS. AF_02/2022","SINAPI","M3",51.45,{"v":223.14,"d":"R$ 223.14"},{"v":43.29,"d":"R$ 43.29"},{"v":266.43,"d":"R$ 266.43"},{"v":13707.82,"d":"R$ 13,707.82"}]
["16.2.10","CPU-0032","Balizadores em concreto armado com tubo de PVC 100mm, h=1,00m, enchimento em concreto 20 MPa, pintura esmalte sintético com aplicação de película reflet. lentes inclusas, inclusive, assentamento na passagem molhada.","Composições Próprias","und",{"v":124,"d":"124.00"},{"v":26.9,"d":"R$ 26.90"},{"v":5.22,"d":"R$ 5.22"},{"v":32.12,"d":"R$ 32.12"},{"v":3982.88,"d":"R$ 3,982.88"}]
["16.2.11","92811","ASSENTAMENTO DE TUBO DE CONCRETO PARA REDES COLETORAS DE ÁGUAS PLUVIAIS, DIÂMETRO DE 600 MM, JUNTA RÍGIDA, INSTALADO EM LOCAL COM BAIXO NÍVEL DE INTERFERÊNCIAS (NÃO INCLUI FORNECIMENTO). AF_12/2015","SINAPI","M",{"v":14,"d":"14.00"},{"v":65.07,"d":"R$ 65.07"},{"v":12.62,"d":"R$ 12.62"},{"v":77.69,"d":"R$ 77.69"},{"v":1087.66,"d":"R$ 1,087.66"}]
["16.2.12","00007725","TUBO DE CONCRETO ARMADO PARA AGUAS PLUVIAIS, CLASSE PA-1, COM ENCAIXE PONTA E BOLSA, DIAMETRO NOMINAL DE = 600 MM","SINAPI","M",{"v":14,"d":"14.00"},{"v":150.19,"d":"R$ 150.19"},{"v":29.14,"d":"R$ 29.14"},{"v":179.33,"d":"R$ 179.33"},{"v":2510.62,"d":"R$ 2,510.62"}]
["17","TRECHO - FERNANDES/ BENTA HORA",{"$nulls":7},{"v":166210.07,"d":"R$ 166,210.07"}]
["17.1","TERRAPLANAGEM",{"$nulls":7},{"v":39547.58,"d":"R$ 39,547.58"}]
["17.1.1","98525","LIMPEZA MECANIZADA DE CAMADA VEGETAL, VEGETAÇÃO E PEQUENAS ÁRVORES (DIÂMETRO DE TRONCO MENOR QUE 0,20 M), COM TRATOR DE ESTEIRAS.AF_05/2018","SINAPI","M2",{"v":3260.6,"d":"3,260.60"},{"v":0.32,"d":"R$ 0.32"},{"v":0.06,"d":"R$ 0.06"},{"v":0.38,"d":"R$ 0.38"},{"v":1239.03,"d":"R$ 1,239.03"}]
["17.1.2","100575","REGULARIZAÇÃO DE SUPERFÍCIES COM MOTONIVELADORA. AF_11/2019","SINAPI","M2",{"v":8023.2,"d":"8,023.20"},{"v":0.11,"d":"R$ 0.11"},{"v":0.02,"d":"R$ 0.02"},{"v":0.13,"d":"R$ 0.13"},{"v":1043.02,"d":"R$ 1,043.02"}]
["17.1.3","93594","TRANSPORTE COM CAMINHÃO BASCULANTE DE 10 M³, EM VIA URBANA EM LEITO NATURAL (UNIDADE: TXKM). AF_07/2020","SINAPI","TXKM",{"v":2567.42,"d":"2,567.42"},{"v":1.56,"d":"R$ 1.56"},{"v":0.3,"d":"R$ 0.30"},{"v":1.86,"d":"R$ 1.86"},{"v":4775.4,"d":"R$ 4,775.40"}]
["17.1.4","100576","REGULARIZAÇÃO E COMPACTAÇÃO DE SUBLEITO DE SOLO  PREDOMINANTEMENTE ARGILOSO. AF_11/2019","SINAPI","M2",{"v":8023.2,"d":"8,023.20"},{"v":2.21,"d":"R$ 2.21"},{"v":0.43,"d":"R$ 0.43"},{"v":2.64,"d":"R$ 2.64"},{"v":21181.25,"d":"R$ 21,181.25"}]
["17.1.5","92811","ASSENTAMENTO DE TUBO DE CONCRETO PARA REDES COLETORAS DE ÁGUAS PLUVIAIS, DIÂMETRO DE 600 MM, JUNTA RÍGIDA, INSTALADO EM LOCAL COM BAIXO NÍVEL DE INTERFERÊNCIAS (NÃO INCLUI FORNECIMENTO). AF_12/2015","SINAPI","M",{"v":44,"d":"44.00"},{"v":65.07,"d":"R$ 65.07"},{"v":12.62,"d":"R$ 12.62"},{"v":77.69,"d":"R$ 77.69"},{"v":3418.36,"d":"R$ 3,418.36"}]
["17.1.6","00007725","TUBO DE CONCRETO ARMADO PARA AGUAS PLUVIAIS, CLASSE PA-1, COM ENCAIXE PONTA E BOLSA, DIAMETRO NOMINAL DE = 600 MM","SINAPI","M",{"v":44,"d":"44.00"},{"v":150.19,"d":"R$ 150.19"},{"v":29.14,"d":"R$ 29.14"},{"v":179.33,"d":"R$ 179.33"},{"v":7890.52,"d":"R$ 7,890.52"}]
["17.2","PASSAGEM MOLHADA",{"$nulls":7},{"v":126662.49,"d":"R$ 126,662.49"}]
["17.2.1","90105","ESCAVAÇÃO MECANIZADA DE VALA COM PROFUNDIDADE ATÉ 1,5 M (MÉDIA MONTANTE E JUSANTE/UMA COMPOSIÇÃO POR TRECHO), RETROESCAV. (0,26 M3), LARGURA MENOR QUE 0,8 M, EM SOLO DE 1A CATEGORIA, LOCAIS COM BAIXO NÍVEL DE INTERFERÊNCIA. AF_02/2021","SINAPI","M3",66.57,{"v":7.01,"d":"R$ 7.01"},{"v":1.36,"d":"R$ 1.36"},{"v":8.37,"d":"R$ 8.37"},{"v":557.19,"d":"R$ 557.19"}]
["17.2.2","1506055","Pedra argamassada com cimento e areia 1:3 - areia e pedra de mão comercial - fornecimento e assentamento","SICRO NOVO","m³",{"v":83,"d":"83.00"},{"v":290.81,"d":"R$ 290.81"},{"v":56.42,"d":"R$ 56.42"},{"v":347.23,"d":"R$ 347.23"},{"v":28820.09,"d":"R$ 28,820.09"}]
["17.2.3","94304","ATERRO MECANIZADO DE VALA COM ESCAVADEIRA HIDRÁULICA (CAPACIDADE DA CAÇAMBA: 0,8 M³ / POTÊNCIA: 111 HP), LARGURA DE 1,5 A 2,5 M, PROFUNDIDADE ATÉ 1,5 M, COM SOLO ARGILO-ARENOSO. AF_05/2016","SINAPI","M3",81.77,{"v":47.93,"d":"R$ 47.93"},{"v":9.3,"d":"R$ 9.30"},{"v":57.23,"d":"R$ 57.23"},{"v":4679.7,"d":"R$ 4,679.70"}]
["17.2.4","93594","TRANSPORTE COM CAMINHÃO BASCULANTE DE 10 M³, EM VIA URBANA EM LEITO NATURAL (UNIDADE: TXKM). AF_07/2020","SINAPI","TXKM",130.83,{"v":1.56,"d":"R$ 1.56"},{"v":0.3,"d":"R$ 0.30"},{"v":1.86,"d":"R$ 1.86"},{"v":243.34,"d":"R$ 243.34"}]
["17.2.5","95241","LASTRO DE CONCRETO MAGRO, APLICADO EM PISOS, LAJES SOBRE SOLO OU RADIERS, ESPESSURA DE 5 CM. AF_07/2016","SINAPI","M2",{"v":410,"d":"410.00"},{"v":22.27,"d":"R$ 22.27"},{"v":4.32,"d":"R$ 4.32"},{"v":26.59,"d":"R$ 26.59"},{"v":10901.9,"d":"R$ 10,901.90"}]
["17.2.6","92431","MONTAGEM E DESMONTAGEM DE FÔRMA DE PILARES RETANGULARES E ESTRUTURAS SIMILARES, PÉ-DIREITO SIMPLES, EM CHAPA DE MADEIRA COMPENSADA PLASTIFICADA, 10 UTILIZAÇÕES. AF_09/2020","SINAPI","M2",{"v":51,"d":"51.00"},{"v":48.37,"d":"R$ 48.37"},{"v":9.38,"d":"R$ 9.38"},{"v":57.75,"d":"R$ 57.75"},{"v":2945.25,"d":"R$ 2,945.25"}]
["17.2.7","92916","ARMAÇÃO DE ESTRUTURAS DIVERSAS DE CONCRETO ARMADO, EXCETO VIGAS, PILARES, LAJES E FUNDAÇÕES, UTILIZANDO AÇO CA-50 DE 6,3 MM - MONTAGEM. AF_06/2022","SINAPI","KG",{"v":2036.07,"d":"2,036.07"},{"v":12.88,"d":"R$ 12.88"},{"v":2.5,"d":"R$ 2.50"},{"v":15.38,"d":"R$ 15.38"},{"v":31314.76,"d":"R$ 31,314.76"}]
["17.2.8","94966","CONCRETO FCK = 30MPA, TRAÇO 1:2,1:2,5 (EM MASSA SECA DE CIMENTO/ AREIA MÉDIA/ BRITA 1) - PREPARO MECÂNICO COM BETONEIRA 400 L. AF_05/2021","SINAPI","M3",{"v":61.5,"d":"61.50"},{"v":353.59,"d":"R$ 353.59"},{"v":68.6,"d":"R$ 68.60"},{"v":422.19,"d":"R$ 422.19"},{"v":25964.69,"d":"R$ 25,964.69"}]
["17.2.9","103670","LANÇAMENTO COM USO DE BALDES, ADENSAMENTO E ACABAMENTO DE CONCRETO EM ESTRUTURAS. AF_02/2022","SINAPI","M3",{"v":61.5,"d":"61.50"},{"v":223.14,"d":"R$ 223.14"},{"v":43.29,"d":"R$ 43.29"},{"v":266.43,"d":"R$ 266.43"},{"v":16385.45,"d":"R$ 16,385.45"}]
["17.2.10","CPU-0032","Balizadores em concreto armado com tubo de PVC 100mm, h=1,00m, enchimento em concreto 20 MPa, pintura esmalte sintético com aplicação de película reflet. lentes inclusas, inclusive, assentamento na passagem molhada.","Composições Próprias","und",{"v":151,"d":"151.00"},{"v":26.9,"d":"R$ 26.90"},{"v":5.22,"d":"R$ 5.22"},{"v":32.12,"d":"R$ 32.12"},{"v":4850.12,"d":"R$ 4,850.12"}]
["18","TRECHO MOGEIRO/ MANGUEIRA",{"$nulls":7},{"v":227976.01,"d":"R$ 227,976.01"}]
["18.1","SERVIÇOS PRELIMINARES",{"$nulls":7},{"v":2051.51,"d":"R$ 2,051.51"}]
["18.1.1","99064","LOCAÇÃO DE PAVIMENTAÇÃO. AF_10/2018","SINAPI","M",98.15,{"v":0.53,"d":"R$ 0.53"},{"v":0.1,"d":"R$ 0.10"},{"v":0.63,"d":"R$ 0.63"},{"v":61.83,"d":"R$ 61.83"}]
["18.1.2","98525","LIMPEZA MECANIZADA DE CAMADA VEGETAL, VEGETAÇÃO E PEQUENAS ÁRVORES (DIÂMETRO DE TRONCO MENOR QUE 0,20 M), COM TRATOR DE ESTEIRAS.AF_05/2018","SINAPI","M2",{"v":5236,"d":"5,236.00"},{"v":0.32,"d":"R$ 0.32"},{"v":0.06,"d":"R$ 0.06"},{"v":0.38,"d":"R$ 0.38"},{"v":1989.68,"d":"R$ 1,989.68"}]
["18.2","TERRAPLANAGEM",{"$nulls":7},{"v":53796.67,"d":"R$ 53,796.67"}]
["18.2.1","100575","REGULARIZAÇÃO DE SUPERFÍCIES COM MOTONIVELADORA. AF_11/2019","SINAPI","M2",{"v":15440,"d":"15,440.00"},{"v":0.11,"d":"R$ 0.11"},{"v":0.02,"d":"R$ 0.02"},{"v":0.13,"d":"R$ 0.13"},{"v":2007.2,"d":"R$ 2,007.20"}]
["18.2.2","93594","TRANSPORTE COM CAMINHÃO BASCULANTE DE 10 M³, EM VIA URBANA EM LEITO NATURAL (UNIDADE: TXKM). AF_07/2020","SINAPI","TXKM",{"v":5928.96,"d":"5,928.96"},{"v":1.56,"d":"R$ 1.56"},{"v":0.3,"d":"R$ 0.30"},{"v":1.86,"d":"R$ 1.86"},{"v":11027.87,"d":"R$ 11,027.87"}]
["18.2.3","100576","REGULARIZAÇÃO E COMPACTAÇÃO DE SUBLEITO DE SOLO  PREDOMINANTEMENTE ARGILOSO. AF_11/2019","SINAPI","M2",{"v":15440,"d":"15,440.00"},{"v":2.21,"d":"R$ 2.21"},{"v":0.43,"d":"R$ 0.43"},{"v":2.64,"d":"R$ 2.64"},{"v":40761.6,"d":"R$ 40,761.60"}]
["18.3","PAVIMENTAÇÃO",{"$nulls":7},{"v":51950.7,"d":"R$ 51,950.70"}]
["18.3.1","04.910.02 - (DER-PB)","FORNECIMENTO E APLICAÇÃO DE MEIO FIO EM PEDRA GRANITICA","Composições Próprias","M",{"v":214.3,"d":"214.30"},{"v":20.73,"d":"R$ 20.73"},{"v":4.02,"d":"R$ 4.02"},{"v":24.75,"d":"R$ 24.75"},{"v":5303.93,"d":"R$ 5,303.93"}]
["18.3.2","101169","EXECUÇÃO DE PAVIMENTO EM PARALELEPÍPEDOS, REJUNTAMENTO COM ARGAMASSA TRAÇO 1:3 (CIMENTO E AREIA). AF_05/2020","SINAPI","M2",{"v":588.9,"d":"588.90"},{"v":66.34,"d":"R$ 66.34"},{"v":12.87,"d":"R$ 12.87"},{"v":79.21,"d":"R$ 79.21"},{"v":46646.77,"d":"R$ 46,646.77"}]
["18.4","SINALIZAÇÃO VIÁRIA",{"$nulls":7},{"v":255.19,"d":"R$ 255.19"}]
["18.4.1","102498","PINTURA DE MEIO-FIO COM TINTA BRANCA A BASE DE CAL (CAIAÇÃO). AF_05/2021","SINAPI","M",{"v":196.3,"d":"196.30"},{"v":1.09,"d":"R$ 1.09"},{"v":0.21,"d":"R$ 0.21"},{"v":1.3,"d":"R$ 1.30"},{"v":255.19,"d":"R$ 255.19"}]
["18.5","PASSAGEM MOLHADA",{"$nulls":7},{"v":119921.94,"d":"R$ 119,921.94"}]
["18.5.1","90105","ESCAVAÇÃO MECANIZADA DE VALA COM PROFUNDIDADE ATÉ 1,5 M (MÉDIA MONTANTE E JUSANTE/UMA COMPOSIÇÃO POR TRECHO), RETROESCAV. (0,26 M3), LARGURA MENOR QUE 0,8 M, EM SOLO DE 1A CATEGORIA, LOCAIS COM BAIXO NÍVEL DE INTERFERÊNCIA. AF_02/2021","SINAPI","M3",{"v":84.3,"d":"84.30"},{"v":7.01,"d":"R$ 7.01"},{"v":1.36,"d":"R$ 1.36"},{"v":8.37,"d":"R$ 8.37"},{"v":705.59,"d":"R$ 705.59"}]
["18.5.2","1506055","Pedra argamassada com cimento e areia 1:3 - areia e pedra de mão comercial - fornecimento e assentamento","SICRO NOVO","m³",146.48,{"v":290.81,"d":"R$ 290.81"},{"v":56.42,"d":"R$ 56.42"},{"v":347.23,"d":"R$ 347.23"},{"v":50862.25,"d":"R$ 50,862.25"}]
["18.5.3","94304","ATERRO MECANIZADO DE VALA COM ESCAVADEIRA HIDRÁULICA (CAPACIDADE DA CAÇAMBA: 0,8 M³ / POTÊNCIA: 111 HP), LARGURA DE 1,5 A 2,5 M, PROFUNDIDADE ATÉ 1,5 M, COM SOLO ARGILO-ARENOSO. AF_05/2016","SINAPI","M3",125.35,{"v":47.93,"d":"R$ 47.93"},{"v":9.3,"d":"R$ 9.30"},{"v":57.23,"d":"R$ 57.23"},{"v":7173.78,"d":"R$ 7,173.78"}]
["18.5.4","93594","TRANSPORTE COM CAMINHÃO BASCULANTE DE 10 M³, EM VIA URBANA EM LEITO NATURAL (UNIDADE: TXKM). AF_07/2020","SINAPI","TXKM",240.67,{"v":1.56,"d":"R$ 1.56"},{"v":0.3,"d":"R$ 0.30"},{"v":1.86,"d":"R$ 1.86"},{"v":447.65,"d":"R$ 447.65"}]
["18.5.5","95241","LASTRO DE CONCRETO MAGRO, APLICADO EM PISOS, LAJES SOBRE SOLO OU RADIERS, ESPESSURA DE 5 CM. AF_07/2016","SINAPI","M2",{"v":210,"d":"210.00"},{"v":22.27,"d":"R$ 22.27"},{"v":4.32,"d":"R$ 4.32"},{"v":26.59,"d":"R$ 26.59"},{"v":5583.9,"d":"R$ 5,583.90"}]
["18.5.6","92431","MONTAGEM E DESMONTAGEM DE FÔRMA DE PILARES RETANGULARES E ESTRUTURAS SIMILARES, PÉ-DIREITO SIMPLES, EM CHAPA DE MADEIRA COMPENSADA PLASTIFICADA, 10 UTILIZAÇÕES. AF_09/2020","SINAPI","M2",{"v":24.6,"d":"24.60"},{"v":48.37,"d":"R$ 48.37"},{"v":9.38,"d":"R$ 9.38"},{"v":57.75,"d":"R$ 57.75"},{"v":1420.65,"d":"R$ 1,420.65"}]
["18.5.7","92916","ARMAÇÃO DE ESTRUTURAS DIVERSAS DE CONCRETO ARMADO, EXCETO VIGAS, PILARES, LAJES E FUNDAÇÕES, UTILIZANDO AÇO CA-50 DE 6,3 MM - MONTAGEM. AF_06/2022","SINAPI","KG",{"v":1116.35,"d":"1,116.35"},{"v":12.88,"d":"R$ 12.88"},{"v":2.5,"d":"R$ 2.50"},{"v":15.38,"d":"R$ 15.38"},{"v":17169.46,"d":"R$ 17,169.46"}]
["18.5.8","94966","CONCRETO FCK = 30MPA, TRAÇO 1:2,1:2,5 (EM MASSA SECA DE CIMENTO/ AREIA MÉDIA/ BRITA 1) - PREPARO MECÂNICO COM BETONEIRA 400 L. AF_05/2021","SINAPI","M3",{"v":31.5,"d":"31.50"},{"v":353.59,"d":"R$ 353.59"},{"v":68.6,"d":"R$ 68.60"},{"v":422.19,"d":"R$ 422.19"},{"v":13298.99,"d":"R$ 13,298.99"}]
["18.5.9","103670","LANÇAMENTO COM USO DE BALDES, ADENSAMENTO E ACABAMENTO DE CONCRETO EM ESTRUTURAS. AF_02/2022","SINAPI","M3",{"v":31.5,"d":"31.50"},{"v":223.14,"d":"R$ 223.14"},{"v":43.29,"d":"R$ 43.29"},{"v":266.43,"d":"R$ 266.43"},{"v":8392.55,"d":"R$ 8,392.55"}]
["18.5.10","CPU-0032","Balizadores em concreto armado com tubo de PVC 100mm, h=1,00m, enchimento em concreto 20 MPa, pintura esmalte sintético com aplicação de película reflet. lentes inclusas, inclusive, assentamento na passagem molhada.","Composições Próprias","und",{"v":73,"d":"73.00"},{"v":26.9,"d":"R$ 26.90"},{"v":5.22,"d":"R$ 5.22"},{"v":32.12,"d":"R$ 32.12"},{"v":2344.76,"d":"R$ 2,344.76"}]
["18.5.11","2003868","Lastro de pedra de mão ou rachão - espalhamento manual","SICRO NOVO","m³",{"v":70,"d":"70.00"},{"v":94.47,"d":"R$ 94.47"},{"v":18.33,"d":"R$ 18.33"},{"v":112.8,"d":"R$ 112.80"},{"v":7896,"d":"R$ 7,896.00"}]
["18.5.12","92811","ASSENTAMENTO DE TUBO DE CONCRETO PARA REDES COLETORAS DE ÁGUAS PLUVIAIS, DIÂMETRO DE 600 MM, JUNTA RÍGIDA, INSTALADO EM LOCAL COM BAIXO NÍVEL DE INTERFERÊNCIAS (NÃO INCLUI FORNECIMENTO). AF_12/2015","SINAPI","M",{"v":18,"d":"18.00"},{"v":65.07,"d":"R$ 65.07"},{"v":12.62,"d":"R$ 12.62"},{"v":77.69,"d":"R$ 77.69"},{"v":1398.42,"d":"R$ 1,398.42"}]
["18.5.13","00007725","TUBO DE CONCRETO ARMADO PARA AGUAS PLUVIAIS, CLASSE PA-1, COM ENCAIXE PONTA E BOLSA, DIAMETRO NOMINAL DE = 600 MM","SINAPI","M",{"v":18,"d":"18.00"},{"v":150.19,"d":"R$ 150.19"},{"v":29.14,"d":"R$ 29.14"},{"v":179.33,"d":"R$ 179.33"},{"v":3227.94,"d":"R$ 3,227.94"}]
["19","TRECHO - GAMELEIRA/ ACARÁ",{"$nulls":7},{"v":185797.54,"d":"R$ 185,797.54"}]
["19.1","SERVIÇOS PRELIMINARES",{"$nulls":7},{"v":1775.7,"d":"R$ 1,775.70"}]
["19.1.1","99064","LOCAÇÃO DE PAVIMENTAÇÃO. AF_10/2018","SINAPI","M",96.48,{"v":0.53,"d":"R$ 0.53"},{"v":0.1,"d":"R$ 0.10"},{"v":0.63,"d":"R$ 0.63"},{"v":60.78,"d":"R$ 60.78"}]
["19.1.2","98525","LIMPEZA MECANIZADA DE CAMADA VEGETAL, VEGETAÇÃO E PEQUENAS ÁRVORES (DIÂMETRO DE TRONCO MENOR QUE 0,20 M), COM TRATOR DE ESTEIRAS.AF_05/2018","SINAPI","M2",{"v":4512.96,"d":"4,512.96"},{"v":0.32,"d":"R$ 0.32"},{"v":0.06,"d":"R$ 0.06"},{"v":0.38,"d":"R$ 0.38"},{"v":1714.92,"d":"R$ 1,714.92"}]
["19.2","TERRAPLANAGEM",{"$nulls":7},{"v":65208.89,"d":"R$ 65,208.89"}]
["19.2.1","100575","REGULARIZAÇÃO DE SUPERFÍCIES COM MOTONIVELADORA. AF_11/2019","SINAPI","M2",{"v":13114.59,"d":"13,114.59"},{"v":0.11,"d":"R$ 0.11"},{"v":0.02,"d":"R$ 0.02"},{"v":0.13,"d":"R$ 0.13"},{"v":1704.9,"d":"R$ 1,704.90"}]
["19.2.2","93594","TRANSPORTE COM CAMINHÃO BASCULANTE DE 10 M³, EM VIA URBANA EM LEITO NATURAL (UNIDADE: TXKM). AF_07/2020","SINAPI","TXKM",{"v":15527.67,"d":"15,527.67"},{"v":1.56,"d":"R$ 1.56"},{"v":0.3,"d":"R$ 0.30"},{"v":1.86,"d":"R$ 1.86"},{"v":28881.47,"d":"R$ 28,881.47"}]
["19.2.3","100576","REGULARIZAÇÃO E COMPACTAÇÃO DE SUBLEITO DE SOLO  PREDOMINANTEMENTE ARGILOSO. AF_11/2019","SINAPI","M2",{"v":13114.59,"d":"13,114.59"},{"v":2.21,"d":"R$ 2.21"},{"v":0.43,"d":"R$ 0.43"},{"v":2.64,"d":"R$ 2.64"},{"v":34622.52,"d":"R$ 34,622.52"}]
["19.3","PAVIMENTAÇÃO",{"$nulls":7},{"v":52994.2,"d":"R$ 52,994.20"}]
["19.3.1","04.910.02 - (DER-PB)","FORNECIMENTO E APLICAÇÃO DE MEIO FIO EM PEDRA GRANITICA","Composições Próprias","M",209.96,{"v":20.73,"d":"R$ 20.73"},{"v":4.02,"d":"R$ 4.02"},{"v":24.75,"d":"R$ 24.75"},{"v":5196.51,"d":"R$ 5,196.51"}]
["19.3.2","101169","EXECUÇÃO DE PAVIMENTO EM PARALELEPÍPEDOS, REJUNTAMENTO COM ARGAMASSA TRAÇO 1:3 (CIMENTO E AREIA). AF_05/2020","SINAPI","M2",603.43,{"v":66.34,"d":"R$ 66.34"},{"v":12.87,"d":"R$ 12.87"},{"v":79.21,"d":"R$ 79.21"},{"v":47797.69,"d":"R$ 47,797.69"}]
["19.4","SINALIZAÇÃO VIÁRIA",{"$nulls":7},{"v":250.85,"d":"R$ 250.85"}]
["19.4.1","102498","PINTURA DE MEIO-FIO COM TINTA BRANCA A BASE DE CAL (CAIAÇÃO). AF_05/2021","SINAPI","M",192.96,{"v":1.09,"d":"R$ 1.09"},{"v":0.21,"d":"R$ 0.21"},{"v":1.3,"d":"R$ 1.30"},{"v":250.85,"d":"R$ 250.85"}]
["19.5","PASSAGEM MOLHADA",{"$nulls":7},{"v":65567.9,"d":"R$ 65,567.90"}]
["19.5.1","90105","ESCAVAÇÃO MECANIZADA DE VALA COM PROFUNDIDADE ATÉ 1,5 M (MÉDIA MONTANTE E JUSANTE/UMA COMPOSIÇÃO POR TRECHO), RETROESCAV. (0,26 M3), LARGURA MENOR QUE 0,8 M, EM SOLO DE 1A CATEGORIA, LOCAIS COM BAIXO NÍVEL DE INTERFERÊNCIA. AF_02/2021","SINAPI","M3",52.68,{"v":7.01,"d":"R$ 7.01"},{"v":1.36,"d":"R$ 1.36"},{"v":8.37,"d":"R$ 8.37"},{"v":440.93,"d":"R$ 440.93"}]
["19.5.2","1506055","Pedra argamassada com cimento e areia 1:3 - areia e pedra de mão comercial - fornecimento e assentamento","SICRO NOVO","m³",39.74,{"v":290.81,"d":"R$ 290.81"},{"v":56.42,"d":"R$ 56.42"},{"v":347.23,"d":"R$ 347.23"},{"v":13798.92,"d":"R$ 13,798.92"}]
["19.5.3","94304","ATERRO MECANIZADO DE VALA COM ESCAVADEIRA HIDRÁULICA (CAPACIDADE DA CAÇAMBA: 0,8 M³ / POTÊNCIA: 111 HP), LARGURA DE 1,5 A 2,5 M, PROFUNDIDADE ATÉ 1,5 M, COM SOLO ARGILO-ARENOSO. AF_05/2016","SINAPI","M3",{"v":31.2,"d":"31.20"},{"v":47.93,"d":"R$ 47.93"},{"v":9.3,"d":"R$ 9.30"},{"v":57.23,"d":"R$ 57.23"},{"v":1785.58,"d":"R$ 1,785.58"}]
["19.5.4","93594","TRANSPORTE COM CAMINHÃO BASCULANTE DE 10 M³, EM VIA URBANA EM LEITO NATURAL (UNIDADE: TXKM). AF_07/2020","SINAPI","TXKM",{"v":184.7,"d":"184.70"},{"v":1.56,"d":"R$ 1.56"},{"v":0.3,"d":"R$ 0.30"},{"v":1.86,"d":"R$ 1.86"},{"v":343.54,"d":"R$ 343.54"}]
["19.5.5","95241","LASTRO DE CONCRETO MAGRO, APLICADO EM PISOS, LAJES SOBRE SOLO OU RADIERS, ESPESSURA DE 5 CM. AF_07/2016","SINAPI","M2",178.37,{"v":22.27,"d":"R$ 22.27"},{"v":4.32,"d":"R$ 4.32"},{"v":26.59,"d":"R$ 26.59"},{"v":4742.86,"d":"R$ 4,742.86"}]
["19.5.6","92431","MONTAGEM E DESMONTAGEM DE FÔRMA DE PILARES RETANGULARES E ESTRUTURAS SIMILARES, PÉ-DIREITO SIMPLES, EM CHAPA DE MADEIRA COMPENSADA PLASTIFICADA, 10 UTILIZAÇÕES. AF_09/2020","SINAPI","M2",21.87,{"v":48.37,"d":"R$ 48.37"},{"v":9.38,"d":"R$ 9.38"},{"v":57.75,"d":"R$ 57.75"},{"v":1262.99,"d":"R$ 1,262.99"}]
["19.5.7","92916","ARMAÇÃO DE ESTRUTURAS DIVERSAS DE CONCRETO ARMADO, EXCETO VIGAS, PILARES, LAJES E FUNDAÇÕES, UTILIZANDO AÇO CA-50 DE 6,3 MM - MONTAGEM. AF_06/2022","SINAPI","KG",837.15,{"v":12.88,"d":"R$ 12.88"},{"v":2.5,"d":"R$ 2.50"},{"v":15.38,"d":"R$ 15.38"},{"v":12875.37,"d":"R$ 12,875.37"}]
["19.5.8","94966","CONCRETO FCK = 30MPA, TRAÇO 1:2,1:2,5 (EM MASSA SECA DE CIMENTO/ AREIA MÉDIA/ BRITA 1) - PREPARO MECÂNICO COM BETONEIRA 400 L. AF_05/2021","SINAPI","M3",26.76,{"v":353.59,"d":"R$ 353.59"},{"v":68.6,"d":"R$ 68.60"},{"v":422.19,"d":"R$ 422.19"},{"v":11297.8,"d":"R$ 11,297.80"}]
["19.5.9","103670","LANÇAMENTO COM USO DE BALDES, ADENSAMENTO E ACABAMENTO DE CONCRETO EM ESTRUTURAS. AF_02/2022","SINAPI","M3",26.76,{"v":223.14,"d":"R$ 223.14"},{"v":43.29,"d":"R$ 43.29"},{"v":266.43,"d":"R$ 266.43"},{"v":7129.67,"d":"R$ 7,129.67"}]
["19.5.10","CPU-0032","Balizadores em concreto armado com tubo de PVC 100mm, h=1,00m, enchimento em concreto 20 MPa, pintura esmalte sintético com aplicação de película reflet. lentes inclusas, inclusive, assentamento na passagem molhada.","Composições Próprias","und",{"v":56,"d":"56.00"},{"v":26.9,"d":"R$ 26.90"},{"v":5.22,"d":"R$ 5.22"},{"v":32.12,"d":"R$ 32.12"},{"v":1798.72,"d":"R$ 1,798.72"}]
["19.5.11","2003868","Lastro de pedra de mão ou rachão - espalhamento manual","SICRO NOVO","m³",{"v":58.3,"d":"58.30"},{"v":94.47,"d":"R$ 94.47"},{"v":18.33,"d":"R$ 18.33"},{"v":112.8,"d":"R$ 112.80"},{"v":6576.24,"d":"R$ 6,576.24"}]
["19.5.12","92809","ASSENTAMENTO DE TUBO DE CONCRETO PARA REDES COLETORAS DE ÁGUAS PLUVIAIS, DIÂMETRO DE 400 MM, JUNTA RÍGIDA, INSTALADO EM LOCAL COM BAIXO NÍVEL DE INTERFERÊNCIAS (NÃO INCLUI FORNECIMENTO). AF_12/2015","SINAPI","M",{"v":24,"d":"24.00"},{"v":45.05,"d":"R$ 45.05"},{"v":8.74,"d":"R$ 8.74"},{"v":53.79,"d":"R$ 53.79"},{"v":1290.96,"d":"R$ 1,290.96"}]
["19.5.13","00007745","TUBO DE CONCRETO ARMADO PARA AGUAS PLUVIAIS, CLASSE PA-1, COM ENCAIXE PONTA E BOLSA, DIAMETRO NOMINAL DE 400 MM","SINAPI","M",{"v":24,"d":"24.00"},{"v":77.62,"d":"R$ 77.62"},{"v":15.06,"d":"R$ 15.06"},{"v":92.68,"d":"R$ 92.68"},{"v":2224.32,"d":"R$ 2,224.32"}]
["20","TRECHO - MANGUEIRA/GRANJEIRO",{"$nulls":7},{"v":883297.39,"d":"R$ 883,297.39"}]
["20.1","TERRAPLENAGEM",{"$nulls":7},{"v":301020.93,"d":"R$ 301,020.93"}]
["20.1.1","98525","LIMPEZA MECANIZADA DE CAMADA VEGETAL, VEGETAÇÃO E PEQUENAS ÁRVORES (DIÂMETRO DE TRONCO MENOR QUE 0,20 M), COM TRATOR DE ESTEIRAS.AF_05/2018","SINAPI","M2",{"v":12000,"d":"12,000.00"},{"v":0.32,"d":"R$ 0.32"},{"v":0.06,"d":"R$ 0.06"},{"v":0.38,"d":"R$ 0.38"},{"v":4560,"d":"R$ 4,560.00"}]
["20.1.2","100575","REGULARIZAÇÃO DE SUPERFÍCIES COM MOTONIVELADORA. AF_11/2019","SINAPI","M2",{"v":33532.36,"d":"33,532.36"},{"v":0.11,"d":"R$ 0.11"},{"v":0.02,"d":"R$ 0.02"},{"v":0.13,"d":"R$ 0.13"},{"v":4359.21,"d":"R$ 4,359.21"}]
["20.1.3","93594","TRANSPORTE COM CAMINHÃO BASCULANTE DE 10 M³, EM VIA URBANA EM LEITO NATURAL (UNIDADE: TXKM). AF_07/2020","SINAPI","TXKM",{"v":109449.62,"d":"109,449.62"},{"v":1.56,"d":"R$ 1.56"},{"v":0.3,"d":"R$ 0.30"},{"v":1.86,"d":"R$ 1.86"},{"v":203576.29,"d":"R$ 203,576.29"}]
["20.1.4","100576","REGULARIZAÇÃO E COMPACTAÇÃO DE SUBLEITO DE SOLO  PREDOMINANTEMENTE ARGILOSO. AF_11/2019","SINAPI","M2",{"v":33532.36,"d":"33,532.36"},{"v":2.21,"d":"R$ 2.21"},{"v":0.43,"d":"R$ 0.43"},{"v":2.64,"d":"R$ 2.64"},{"v":88525.43,"d":"R$ 88,525.43"}]
["20.2","PASSAGEM MOLHADA",{"$nulls":7},{"v":582276.46,"d":"R$ 582,276.46"}]
["20.2.1","90105","ESCAVAÇÃO MECANIZADA DE VALA COM PROFUNDIDADE ATÉ 1,5 M (MÉDIA MONTANTE E JUSANTE/UMA COMPOSIÇÃO POR TRECHO), RETROESCAV. (0,26 M3), LARGURA MENOR QUE 0,8 M, EM SOLO DE 1A CATEGORIA, LOCAIS COM BAIXO NÍVEL DE INTERFERÊNCIA. AF_02/2021","SINAPI","M3",235.87,{"v":7.01,"d":"R$ 7.01"},{"v":1.36,"d":"R$ 1.36"},{"v":8.37,"d":"R$ 8.37"},{"v":1974.23,"d":"R$ 1,974.23"}]
["20.2.2","1506055","Pedra argamassada com cimento e areia 1:3 - areia e pedra de mão comercial - fornecimento e assentamento","SICRO NOVO","m³",287.96,{"v":290.81,"d":"R$ 290.81"},{"v":56.42,"d":"R$ 56.42"},{"v":347.23,"d":"R$ 347.23"},{"v":99988.35,"d":"R$ 99,988.35"}]
["20.2.3","94304","ATERRO MECANIZADO DE VALA COM ESCAVADEIRA HIDRÁULICA (CAPACIDADE DA CAÇAMBA: 0,8 M³ / POTÊNCIA: 111 HP), LARGURA DE 1,5 A 2,5 M, PROFUNDIDADE ATÉ 1,5 M, COM SOLO ARGILO-ARENOSO. AF_05/2016","SINAPI","M3",277.61,{"v":47.93,"d":"R$ 47.93"},{"v":9.3,"d":"R$ 9.30"},{"v":57.23,"d":"R$ 57.23"},{"v":15887.62,"d":"R$ 15,887.62"}]
["20.2.4","93594","TRANSPORTE COM CAMINHÃO BASCULANTE DE 10 M³, EM VIA URBANA EM LEITO NATURAL (UNIDADE: TXKM). AF_07/2020","SINAPI","TXKM",{"v":4530.6,"d":"4,530.60"},{"v":1.56,"d":"R$ 1.56"},{"v":0.3,"d":"R$ 0.30"},{"v":1.86,"d":"R$ 1.86"},{"v":8426.92,"d":"R$ 8,426.92"}]
["20.2.5","95241","LASTRO DE CONCRETO MAGRO, APLICADO EM PISOS, LAJES SOBRE SOLO OU RADIERS, ESPESSURA DE 5 CM. AF_07/2016","SINAPI","M2",{"v":1746,"d":"1,746.00"},{"v":22.27,"d":"R$ 22.27"},{"v":4.32,"d":"R$ 4.32"},{"v":26.59,"d":"R$ 26.59"},{"v":46426.14,"d":"R$ 46,426.14"}]
["20.2.6","92431","MONTAGEM E DESMONTAGEM DE FÔRMA DE PILARES RETANGULARES E ESTRUTURAS SIMILARES, PÉ-DIREITO SIMPLES, EM CHAPA DE MADEIRA COMPENSADA PLASTIFICADA, 10 UTILIZAÇÕES. AF_09/2020","SINAPI","M2",{"v":199.8,"d":"199.80"},{"v":48.37,"d":"R$ 48.37"},{"v":9.38,"d":"R$ 9.38"},{"v":57.75,"d":"R$ 57.75"},{"v":11538.45,"d":"R$ 11,538.45"}]
["20.2.7","92916","ARMAÇÃO DE ESTRUTURAS DIVERSAS DE CONCRETO ARMADO, EXCETO VIGAS, PILARES, LAJES E FUNDAÇÕES, UTILIZANDO AÇO CA-50 DE 6,3 MM - MONTAGEM. AF_06/2022","SINAPI","KG",{"v":8661.46,"d":"8,661.46"},{"v":12.88,"d":"R$ 12.88"},{"v":2.5,"d":"R$ 2.50"},{"v":15.38,"d":"R$ 15.38"},{"v":133213.25,"d":"R$ 133,213.25"}]
["20.2.8","94966","CONCRETO FCK = 30MPA, TRAÇO 1:2,1:2,5 (EM MASSA SECA DE CIMENTO/ AREIA MÉDIA/ BRITA 1) - PREPARO MECÂNICO COM BETONEIRA 400 L. AF_05/2021","SINAPI","M3",{"v":261.9,"d":"261.90"},{"v":353.59,"d":"R$ 353.59"},{"v":68.6,"d":"R$ 68.60"},{"v":422.19,"d":"R$ 422.19"},{"v":110571.56,"d":"R$ 110,571.56"}]
["20.2.9","103670","LANÇAMENTO COM USO DE BALDES, ADENSAMENTO E ACABAMENTO DE CONCRETO EM ESTRUTURAS. AF_02/2022","SINAPI","M3",{"v":261.9,"d":"261.90"},{"v":223.14,"d":"R$ 223.14"},{"v":43.29,"d":"R$ 43.29"},{"v":266.43,"d":"R$ 266.43"},{"v":69778.02,"d":"R$ 69,778.02"}]
["20.2.10","CPU-0032","Balizadores em concreto armado com tubo de PVC 100mm, h=1,00m, enchimento em concreto 20 MPa, pintura esmalte sintético com aplicação de película reflet. lentes inclusas, inclusive, assentamento na passagem molhada.","Composições Próprias","und",{"v":586,"d":"586.00"},{"v":26.9,"d":"R$ 26.90"},{"v":5.22,"d":"R$ 5.22"},{"v":32.12,"d":"R$ 32.12"},{"v":18822.32,"d":"R$ 18,822.32"}]
["20.2.11","2003868","Lastro de pedra de mão ou rachão - espalhamento manual","SICRO NOVO","m³",{"v":582,"d":"582.00"},{"v":94.47,"d":"R$ 94.47"},{"v":18.33,"d":"R$ 18.33"},{"v":112.8,"d":"R$ 112.80"},{"v":65649.6,"d":"R$ 65,649.60"}]
["21","DISTRITO DE GAMELEIRA",{"$nulls":7},{"v":659262.45,"d":"R$ 659,262.45"}]
["21.1","RUA PROJETADA 01",{"$nulls":7},{"v":93915.35,"d":"R$ 93,915.35"}]
["21.1.1","SERVIÇOS PRELIMINARES",{"$nulls":7},{"v":66.59,"d":"R$ 66.59"}]
["21.1.1.1","99064","LOCAÇÃO DE PAVIMENTAÇÃO. AF_10/2018","SINAPI","M",{"v":105.7,"d":"105.70"},{"v":0.53,"d":"R$ 0.53"},{"v":0.1,"d":"R$ 0.10"},{"v":0.63,"d":"R$ 0.63"},{"v":66.59,"d":"R$ 66.59"}]
["21.1.2","TERRAPLANAGEM",{"$nulls":7},{"v":143.83,"d":"R$ 143.83"}]
["21.1.2.1","100575","REGULARIZAÇÃO DE SUPERFÍCIES COM MOTONIVELADORA. AF_11/2019","SINAPI","M2",{"v":1106.4,"d":"1,106.40"},{"v":0.11,"d":"R$ 0.11"},{"v":0.02,"d":"R$ 0.02"},{"v":0.13,"d":"R$ 0.13"},{"v":143.83,"d":"R$ 143.83"}]
["21.1.3","PAVIMENTAÇÃO",{"$nulls":7},{"v":93437.91,"d":"R$ 93,437.91"}]
["21.1.3.1","04.910.02 - (DER-PB)","FORNECIMENTO E APLICAÇÃO DE MEIO FIO EM PEDRA GRANITICA","Composições Próprias","M",{"v":228.7,"d":"228.70"},{"v":20.73,"d":"R$ 20.73"},{"v":4.02,"d":"R$ 4.02"},{"v":24.75,"d":"R$ 24.75"},{"v":5660.33,"d":"R$ 5,660.33"}]
["21.1.3.2","101169","EXECUÇÃO DE PAVIMENTO EM PARALELEPÍPEDOS, REJUNTAMENTO COM ARGAMASSA TRAÇO 1:3 (CIMENTO E AREIA). AF_05/2020","SINAPI","M2",{"v":1106.4,"d":"1,106.40"},{"v":66.34,"d":"R$ 66.34"},{"v":12.87,"d":"R$ 12.87"},{"v":79.21,"d":"R$ 79.21"},{"v":87637.94,"d":"R$ 87,637.94"}]
["21.1.3.3","96624","LASTRO COM MATERIAL GRANULAR (PEDRA BRITADA N.2), APLICADO EM PISOS OU LAJES SOBRE SOLO, ESPESSURA DE *10 CM*. AF_08/2017","SINAPI","M3",{"v":0.9,"d":"0.90"},{"v":129.95,"d":"R$ 129.95"},{"v":25.21,"d":"R$ 25.21"},{"v":155.16,"d":"R$ 155.16"},{"v":139.64,"d":"R$ 139.64"}]
["21.1.4","SINALIZAÇÃO VIÁRIA",{"$nulls":7},{"v":267.02,"d":"R$ 267.02"}]
["21.1.4.1","102498","PINTURA DE MEIO-FIO COM TINTA BRANCA A BASE DE CAL (CAIAÇÃO). AF_05/2021","SINAPI","M",{"v":205.4,"d":"205.40"},{"v":1.09,"d":"R$ 1.09"},{"v":0.21,"d":"R$ 0.21"},{"v":1.3,"d":"R$ 1.30"},{"v":267.02,"d":"R$ 267.02"}]
["21.2","RUA PROJETADA 02",{"$nulls":7},{"v":51775.36,"d":"R$ 51,775.36"}]
["21.2.1","SERVIÇOS PRELIMINARES",{"$nulls":7},{"v":60.23,"d":"R$ 60.23"}]
["21.2.1.1","99064","LOCAÇÃO DE PAVIMENTAÇÃO. AF_10/2018","SINAPI","M",{"v":95.6,"d":"95.60"},{"v":0.53,"d":"R$ 0.53"},{"v":0.1,"d":"R$ 0.10"},{"v":0.63,"d":"R$ 0.63"},{"v":60.23,"d":"R$ 60.23"}]
["21.2.2","TERRAPLANAGEM",{"$nulls":7},{"v":76.6,"d":"R$ 76.60"}]
["21.2.2.1","100575","REGULARIZAÇÃO DE SUPERFÍCIES COM MOTONIVELADORA. AF_11/2019","SINAPI","M2",589.21,{"v":0.11,"d":"R$ 0.11"},{"v":0.02,"d":"R$ 0.02"},{"v":0.13,"d":"R$ 0.13"},{"v":76.6,"d":"R$ 76.60"}]
["21.2.3","PAVIMENTAÇÃO",{"$nulls":7},{"v":51390.65,"d":"R$ 51,390.65"}]
["21.2.3.1","04.910.02 - (DER-PB)","FORNECIMENTO E APLICAÇÃO DE MEIO FIO EM PEDRA GRANITICA","Composições Próprias","M",190.68,{"v":20.73,"d":"R$ 20.73"},{"v":4.02,"d":"R$ 4.02"},{"v":24.75,"d":"R$ 24.75"},{"v":4719.33,"d":"R$ 4,719.33"}]
["21.2.3.2","101169","EXECUÇÃO DE PAVIMENTO EM PARALELEPÍPEDOS, REJUNTAMENTO COM ARGAMASSA TRAÇO 1:3 (CIMENTO E AREIA). AF_05/2020","SINAPI","M2",589.21,{"v":66.34,"d":"R$ 66.34"},{"v":12.87,"d":"R$ 12.87"},{"v":79.21,"d":"R$ 79.21"},{"v":46671.32,"d":"R$ 46,671.32"}]
["21.2.4","SINALIZAÇÃO VIÁRIA",{"$nulls":7},{"v":247.88,"d":"R$ 247.88"}]
["21.2.4.1","102498","PINTURA DE MEIO-FIO COM TINTA BRANCA A BASE DE CAL (CAIAÇÃO). AF_05/2021","SINAPI","M",190.68,{"v":1.09,"d":"R$ 1.09"},{"v":0.21,"d":"R$ 0.21"},{"v":1.3,"d":"R$ 1.30"},{"v":247.88,"d":"R$ 247.88"}]
["21.3","RUA PROJETADA 03",{"$nulls":7},{"v":89712.78,"d":"R$ 89,712.78"}]
["21.3.1","SERVIÇOS PRELIMINARES",{"$nulls":7},{"v":99.23,"d":"R$ 99.23"}]
["21.3.1.1","99064","LOCAÇÃO DE PAVIMENTAÇÃO. AF_10/2018","SINAPI","M",{"v":157.5,"d":"157.50"},{"v":0.53,"d":"R$ 0.53"},{"v":0.1,"d":"R$ 0.10"},{"v":0.63,"d":"R$ 0.63"},{"v":99.23,"d":"R$ 99.23"}]
["21.3.2","TERRAPLANAGEM",{"$nulls":7},{"v":7755.35,"d":"R$ 7,755.35"}]
["21.3.2.1","DER 03.999.13","DEMOLIÇÃO DE CONCRETO SIMPLES","Composições Próprias","M³",45.78,{"v":139.68,"d":"R$ 139.68"},{"v":27.1,"d":"R$ 27.10"},{"v":166.78,"d":"R$ 166.78"},{"v":7635.19,"d":"R$ 7,635.19"}]
["21.3.2.2","100575","REGULARIZAÇÃO DE SUPERFÍCIES COM MOTONIVELADORA. AF_11/2019","SINAPI","M2",924.33,{"v":0.11,"d":"R$ 0.11"},{"v":0.02,"d":"R$ 0.02"},{"v":0.13,"d":"R$ 0.13"},{"v":120.16,"d":"R$ 120.16"}]
["21.3.3","PAVIMENTAÇÃO",{"$nulls":7},{"v":81456.5,"d":"R$ 81,456.50"}]
["21.3.3.1","04.910.02 - (DER-PB)","FORNECIMENTO E APLICAÇÃO DE MEIO FIO EM PEDRA GRANITICA","Composições Próprias","M",{"v":327.3,"d":"327.30"},{"v":20.73,"d":"R$ 20.73"},{"v":4.02,"d":"R$ 4.02"},{"v":24.75,"d":"R$ 24.75"},{"v":8100.68,"d":"R$ 8,100.68"}]
["21.3.3.2","101169","EXECUÇÃO DE PAVIMENTO EM PARALELEPÍPEDOS, REJUNTAMENTO COM ARGAMASSA TRAÇO 1:3 (CIMENTO E AREIA). AF_05/2020","SINAPI","M2",924.33,{"v":66.34,"d":"R$ 66.34"},{"v":12.87,"d":"R$ 12.87"},{"v":79.21,"d":"R$ 79.21"},{"v":73216.18,"d":"R$ 73,216.18"}]
["21.3.3.3","96624","LASTRO COM MATERIAL GRANULAR (PEDRA BRITADA N.2), APLICADO EM PISOS OU LAJES SOBRE SOLO, ESPESSURA DE *10 CM*. AF_08/2017","SINAPI","M3",{"v":0.9,"d":"0.90"},{"v":129.95,"d":"R$ 129.95"},{"v":25.21,"d":"R$ 25.21"},{"v":155.16,"d":"R$ 155.16"},{"v":139.64,"d":"R$ 139.64"}]
["21.3.4","SINALIZAÇÃO VIÁRIA",{"$nulls":7},{"v":401.7,"d":"R$ 401.70"}]
["21.3.4.1","102498","PINTURA DE MEIO-FIO COM TINTA BRANCA A BASE DE CAL (CAIAÇÃO). AF_05/2021","SINAPI","M",{"v":309,"d":"309.00"},{"v":1.09,"d":"R$ 1.09"},{"v":0.21,"d":"R$ 0.21"},{"v":1.3,"d":"R$ 1.30"},{"v":401.7,"d":"R$ 401.70"}]
["21.4","RUA PROJETADA 04",{"$nulls":7},{"v":102914.08,"d":"R$ 102,914.08"}]
["21.4.1","SERVIÇOS PRELIMINARES",{"$nulls":7},{"v":121.59,"d":"R$ 121.59"}]
["21.4.1.1","99064","LOCAÇÃO DE PAVIMENTAÇÃO. AF_10/2018","SINAPI","M",{"v":193,"d":"193.00"},{"v":0.53,"d":"R$ 0.53"},{"v":0.1,"d":"R$ 0.10"},{"v":0.63,"d":"R$ 0.63"},{"v":121.59,"d":"R$ 121.59"}]
["21.4.2","TERRAPLANAGEM",{"$nulls":7},{"v":151.79,"d":"R$ 151.79"}]
["21.4.2.1","100575","REGULARIZAÇÃO DE SUPERFÍCIES COM MOTONIVELADORA. AF_11/2019","SINAPI","M2",{"v":1167.61,"d":"1,167.61"},{"v":0.11,"d":"R$ 0.11"},{"v":0.02,"d":"R$ 0.02"},{"v":0.13,"d":"R$ 0.13"},{"v":151.79,"d":"R$ 151.79"}]
["21.4.3","PAVIMENTAÇÃO",{"$nulls":7},{"v":102141.37,"d":"R$ 102,141.37"}]
["21.4.3.1","04.910.02 - (DER-PB)","FORNECIMENTO E APLICAÇÃO DE MEIO FIO EM PEDRA GRANITICA","Composições Próprias","M",{"v":390.1,"d":"390.10"},{"v":20.73,"d":"R$ 20.73"},{"v":4.02,"d":"R$ 4.02"},{"v":24.75,"d":"R$ 24.75"},{"v":9654.98,"d":"R$ 9,654.98"}]
["21.4.3.2","101169","EXECUÇÃO DE PAVIMENTO EM PARALELEPÍPEDOS, REJUNTAMENTO COM ARGAMASSA TRAÇO 1:3 (CIMENTO E AREIA). AF_05/2020","SINAPI","M2",{"v":1167.61,"d":"1,167.61"},{"v":66.34,"d":"R$ 66.34"},{"v":12.87,"d":"R$ 12.87"},{"v":79.21,"d":"R$ 79.21"},{"v":92486.39,"d":"R$ 92,486.39"}]
["21.4.4","SINALIZAÇÃO VIÁRIA",{"$nulls":7},{"v":499.33,"d":"R$ 499.33"}]
["21.4.4.1","102498","PINTURA DE MEIO-FIO COM TINTA BRANCA A BASE DE CAL (CAIAÇÃO). AF_05/2021","SINAPI","M",{"v":384.1,"d":"384.10"},{"v":1.09,"d":"R$ 1.09"},{"v":0.21,"d":"R$ 0.21"},{"v":1.3,"d":"R$ 1.30"},{"v":499.33,"d":"R$ 499.33"}]
["21.5","RUA PROJETADA 05",{"$nulls":7},{"v":97714.83,"d":"R$ 97,714.83"}]
["21.5.1","SERVIÇOS PRELIMINARES",{"$nulls":7},{"v":115.29,"d":"R$ 115.29"}]
["21.5.1.1","99064","LOCAÇÃO DE PAVIMENTAÇÃO. AF_10/2018","SINAPI","M",{"v":183,"d":"183.00"},{"v":0.53,"d":"R$ 0.53"},{"v":0.1,"d":"R$ 0.10"},{"v":0.63,"d":"R$ 0.63"},{"v":115.29,"d":"R$ 115.29"}]
["21.5.2","TERRAPLANAGEM",{"$nulls":7},{"v":377.87,"d":"R$ 377.87"}]
["21.5.2.1","DER 03.999.13","DEMOLIÇÃO DE CONCRETO SIMPLES","Composições Próprias","M³",1.41,{"v":139.68,"d":"R$ 139.68"},{"v":27.1,"d":"R$ 27.10"},{"v":166.78,"d":"R$ 166.78"},{"v":235.16,"d":"R$ 235.16"}]
["21.5.2.2","100575","REGULARIZAÇÃO DE SUPERFÍCIES COM MOTONIVELADORA. AF_11/2019","SINAPI","M2",{"v":1097.78,"d":"1,097.78"},{"v":0.11,"d":"R$ 0.11"},{"v":0.02,"d":"R$ 0.02"},{"v":0.13,"d":"R$ 0.13"},{"v":142.71,"d":"R$ 142.71"}]
["21.5.3","PAVIMENTAÇÃO",{"$nulls":7},{"v":96745.87,"d":"R$ 96,745.87"}]
["21.5.3.1","04.910.02 - (DER-PB)","FORNECIMENTO E APLICAÇÃO DE MEIO FIO EM PEDRA GRANITICA","Composições Próprias","M",{"v":384.3,"d":"384.30"},{"v":20.73,"d":"R$ 20.73"},{"v":4.02,"d":"R$ 4.02"},{"v":24.75,"d":"R$ 24.75"},{"v":9511.43,"d":"R$ 9,511.43"}]
["21.5.3.2","101169","EXECUÇÃO DE PAVIMENTO EM PARALELEPÍPEDOS, REJUNTAMENTO COM ARGAMASSA TRAÇO 1:3 (CIMENTO E AREIA). AF_05/2020","SINAPI","M2",{"v":1097.78,"d":"1,097.78"},{"v":66.34,"d":"R$ 66.34"},{"v":12.87,"d":"R$ 12.87"},{"v":79.21,"d":"R$ 79.21"},{"v":86955.15,"d":"R$ 86,955.15"}]
["21.5.3.3","96624","LASTRO COM MATERIAL GRANULAR (PEDRA BRITADA N.2), APLICADO EM PISOS OU LAJES SOBRE SOLO, ESPESSURA DE *10 CM*. AF_08/2017","SINAPI","M3",{"v":1.8,"d":"1.80"},{"v":129.95,"d":"R$ 129.95"},{"v":25.21,"d":"R$ 25.21"},{"v":155.16,"d":"R$ 155.16"},{"v":279.29,"d":"R$ 279.29"}]
["21.5.4","SINALIZAÇÃO VIÁRIA",{"$nulls":7},{"v":475.8,"d":"R$ 475.80"}]
["21.5.4.1","102498","PINTURA DE MEIO-FIO COM TINTA BRANCA A BASE DE CAL (CAIAÇÃO). AF_05/2021","SINAPI","M",{"v":366,"d":"366.00"},{"v":1.09,"d":"R$ 1.09"},{"v":0.21,"d":"R$ 0.21"},{"v":1.3,"d":"R$ 1.30"},{"v":475.8,"d":"R$ 475.80"}]
["21.6","RUA PROJETADA 06",{"$nulls":7},{"v":223230.05,"d":"R$ 223,230.05"}]
["21.6.1","SERVIÇOS PRELIMINARES",{"$nulls":7},{"v":255.15,"d":"R$ 255.15"}]
["21.6.1.1","99064","LOCAÇÃO DE PAVIMENTAÇÃO. AF_10/2018","SINAPI","M",{"v":405,"d":"405.00"},{"v":0.53,"d":"R$ 0.53"},{"v":0.1,"d":"R$ 0.10"},{"v":0.63,"d":"R$ 0.63"},{"v":255.15,"d":"R$ 255.15"}]
["21.6.2","TERRAPLANAGEM",{"$nulls":7},{"v":372.77,"d":"R$ 372.77"}]
["21.6.2.1","DER 03.999.13","DEMOLIÇÃO DE CONCRETO SIMPLES","Composições Próprias","M³",0.26,{"v":139.68,"d":"R$ 139.68"},{"v":27.1,"d":"R$ 27.10"},{"v":166.78,"d":"R$ 166.78"},{"v":43.36,"d":"R$ 43.36"}]
["21.6.2.2","100575","REGULARIZAÇÃO DE SUPERFÍCIES COM MOTONIVELADORA. AF_11/2019","SINAPI","M2",{"v":2533.92,"d":"2,533.92"},{"v":0.11,"d":"R$ 0.11"},{"v":0.02,"d":"R$ 0.02"},{"v":0.13,"d":"R$ 0.13"},{"v":329.41,"d":"R$ 329.41"}]
["21.6.3","PAVIMENTAÇÃO",{"$nulls":7},{"v":221568.89,"d":"R$ 221,568.89"}]
["21.6.3.1","04.910.02 - (DER-PB)","FORNECIMENTO E APLICAÇÃO DE MEIO FIO EM PEDRA GRANITICA","Composições Próprias","M",831.05,{"v":20.73,"d":"R$ 20.73"},{"v":4.02,"d":"R$ 4.02"},{"v":24.75,"d":"R$ 24.75"},{"v":20568.49,"d":"R$ 20,568.49"}]
["21.6.3.2","101169","EXECUÇÃO DE PAVIMENTO EM PARALELEPÍPEDOS, REJUNTAMENTO COM ARGAMASSA TRAÇO 1:3 (CIMENTO E AREIA). AF_05/2020","SINAPI","M2",{"v":2533.92,"d":"2,533.92"},{"v":66.34,"d":"R$ 66.34"},{"v":12.87,"d":"R$ 12.87"},{"v":79.21,"d":"R$ 79.21"},{"v":200711.8,"d":"R$ 200,711.80"}]
["21.6.3.3","96624","LASTRO COM MATERIAL GRANULAR (PEDRA BRITADA N.2), APLICADO EM PISOS OU LAJES SOBRE SOLO, ESPESSURA DE *10 CM*. AF_08/2017","SINAPI","M3",1.86,{"v":129.95,"d":"R$ 129.95"},{"v":25.21,"d":"R$ 25.21"},{"v":155.16,"d":"R$ 155.16"},{"v":288.6,"d":"R$ 288.60"}]
["21.6.4","SINALIZAÇÃO VIÁRIA",{"$nulls":7},{"v":1033.24,"d":"R$ 1,033.24"}]
["21.6.4.1","102498","PINTURA DE MEIO-FIO COM TINTA BRANCA A BASE DE CAL (CAIAÇÃO). AF_05/2021","SINAPI","M",{"v":794.8,"d":"794.80"},{"v":1.09,"d":"R$ 1.09"},{"v":0.21,"d":"R$ 0.21"},{"v":1.3,"d":"R$ 1.30"},{"v":1033.24,"d":"R$ 1,033.24"}]
[{"$nulls":7},"VALOR BDI TOTAL:",null,{"v":1330143.98,"d":"R$ 1,330,143.98"}]
[{"$nulls":7},"VALOR ORÇAMENTO:",null,{"v":6869614.34,"d":"R$ 6,869,614.34"}]
[{"$nulls":7},"VALOR TOTAL:",null,{"v":8190970.6,"d":"R$ 8,190,970.60"}]